{"text_format":"3","workbook":"xlsx","n_sheets":6,"sheets":["Chronic kidney disease","Glomerular filtration rate","Creatinine","Creatinine in urine","Urinary albumin excretion","Cystatin C"],"read":"whole","date_system":"1900"}

{"sheet":"Chronic kidney disease","index":0,"n_rows":6,"n_cols":15,"rows_kept":6}
["Chronic kidney disease"]
["other_allele.exposure","effect_allele.exposure","beta.exposure","se.exposure","eaf.exposure","samplesize.exposure","SNP","exposure","mr_keep.exposure","pval.exposure","pval_origin.exposure","id.exposure","data_source.exposure","R2","F"]
["A","G",0.097,0.016,0.367,117165,"rs6420094","exposure",true,{"v":1.34021808335306e-9,"d":"1.34E-09"},"inferred","KHC3Rl","textfile",0.004371628398,514.44204745867]
["T","C",0.13,0.017,0.246,117165,"rs10224210","exposure",true,{"v":2.05628276025771e-14,"d":"2.06E-14"},"inferred","KHC3Rl","textfile",0.0062693592,739.171060840253]
["T","C",0.11,0.015,0.376,117165,"rs2461700","exposure",true,{"v":2.24497625427109e-13,"d":"2.24E-13"},"inferred","KHC3Rl","textfile",0.0056779008,669.038626382367]
["C","T",-0.22,0.02,0.177,117165,"rs13335818","exposure",true,{"v":3.82131914899735e-28,"d":"3.82E-28"},"inferred","KHC3Rl","textfile",0.0141009528,1675.73945587885]

{"sheet":"Glomerular filtration rate","index":1,"n_rows":48,"n_cols":15,"rows_kept":48}
["Glomerular filtration rate"]
["other_allele.exposure","effect_allele.exposure","beta.exposure","se.exposure","eaf.exposure","samplesize.exposure","SNP","exposure","mr_keep.exposure","pval.exposure","pval_origin.exposure","id.exposure","data_source.exposure","R2","F"]
["C","T",-0.0058,0.00092,0.231,133413,"rs1800615","exposure",true,{"v":2.89409906701118e-10,"d":"2.89E-10"},"inferred","WPOlsC","textfile",{"v":1.195155192e-5,"d":"1.20E-05"},{"$f":"SUM(M3:N3)","v":1.195155192e-5}]
["T","C",0.0079,0.0011,0.208,133413,"rs267734","exposure",true,{"v":6.87903671800715e-13,"d":"6.88E-13"},"inferred","WPOlsC","textfile",{"v":2.056234752e-5,"d":"2.06E-05"},2.056234752e-5]
["G","A",0.008,0.0014,0.097,133413,"rs3850625","exposure",true,{"v":1.10165770970394e-8,"d":"1.10E-08"},"inferred","WPOlsC","textfile",{"v":1.1211648e-5,"d":"1.12E-05"},1.1211648e-5]
["G","T",0.0064,0.00092,0.319,133413,"rs807601","exposure",true,{"v":3.4877645939612e-12,"d":"3.49E-12"},"inferred","WPOlsC","textfile",{"v":1.779621888e-5,"d":"1.78E-05"},1.779621888e-5]
["T","C",-0.0068,0.00092,0.58,133413,"rs1260326","exposure",true,{"v":1.4539538838897e-13,"d":"1.45E-13"},"inferred","WPOlsC","textfile",{"v":2.2528128e-5,"d":"2.25E-05"},2.2528128e-5]
["C","T",0.0093,0.001,0.2,133413,"rs6755217","exposure",true,{"v":1.40445684808835e-20,"d":"1.40E-20"},"inferred","WPOlsC","textfile",{"v":2.76768e-5,"d":"2.77E-05"},2.76768e-5]
["T","G",-0.0055,0.00092,0.315,133413,"rs2113793","exposure",true,{"v":2.25532369779262e-9,"d":"2.26E-09"},"inferred","WPOlsC","textfile",{"v":1.30543875e-5,"d":"1.31E-05"},1.30543875e-5]
["T","C",-0.0096,0.001,0.292,133413,"rs715","exposure",true,{"v":7.99444241145248e-22,"d":"7.99E-22"},"inferred","WPOlsC","textfile",{"v":3.810557952e-5,"d":"3.81E-05"},3.810557952e-5]
["G","A",-0.0049,0.00092,0.527,133413,"rs1014680","exposure",true,{"v":1.00351103782037e-7,"d":"1.00E-07"},"inferred","WPOlsC","textfile",{"v":1.196999342e-5,"d":"1.20E-05"},1.196999342e-5]
["G","A",0.0071,0.0012,0.133,133413,"rs6795744","exposure",true,{"v":3.28531551982718e-9,"d":"3.29E-09"},"inferred","WPOlsC","textfile",{"v":1.162565502e-5,"d":"1.16E-05"},1.162565502e-5]
["T","A",0.0069,0.00092,0.301,133413,"rs9942075","exposure",true,{"v":6.38178334582179e-14,"d":"6.38E-14"},"inferred","WPOlsC","textfile",{"v":2.003419278e-5,"d":"2.00E-05"},2.003419278e-5]
["T","C",-0.011,0.00092,0.416,133413,"rs10023335","exposure",true,{"v":6.00238594518687e-33,"d":"6.00E-33"},"inferred","WPOlsC","textfile",{"v":5.8792448e-5,"d":"5.88E-05"},5.8792448e-5]
["A","G",0.0055,0.00092,0.677,133413,"rs3774968","exposure",true,{"v":2.25532369779262e-9,"d":"2.26E-09"},"inferred","WPOlsC","textfile",{"v":1.32295955e-5,"d":"1.32E-05"},1.32295955e-5]
["T","A",-0.0083,0.00092,0.431,133413,"rs11959928","exposure",true,{"v":1.85126628657366e-19,"d":"1.85E-19"},"inferred","WPOlsC","textfile",{"v":3.378902942e-5,"d":"3.38E-05"},3.378902942e-5]
["C","G",0.011,0.0018,0.093,133413,"rs7735249","exposure",true,{"v":9.89398479837097e-10,"d":"9.89E-10"},"inferred","WPOlsC","textfile",{"v":2.0412942e-5,"d":"2.04E-05"},2.0412942e-5]
["C","A",0.0099,0.001,0.73,133413,"rs10866705","exposure",true,{"v":4.16275043898641e-23,"d":"4.16E-23"},"inferred","WPOlsC","textfile",{"v":3.8635542e-5,"d":"3.86E-05"},3.8635542e-5]
["G","A",-0.0081,0.001,0.723,133413,"rs881858","exposure",true,{"v":5.49591878479646e-16,"d":"5.50E-16"},"inferred","WPOlsC","textfile",{"v":2.627956062e-5,"d":"2.63E-05"},2.627956062e-5]
["A","G",-0.013,0.0014,0.903,133413,"rs316020","exposure",true,{"v":1.60626133035227e-20,"d":"1.61E-20"},"inferred","WPOlsC","textfile",{"v":2.9605758e-5,"d":"2.96E-05"},2.9605758e-5]
["T","C",-0.011,0.0014,0.108,133413,"rs3127578","exposure",true,{"v":3.92994554591187e-15,"d":"3.93E-15"},"inferred","WPOlsC","textfile",{"v":2.3313312e-5,"d":"2.33E-05"},2.3313312e-5]
["A","T",-0.0095,0.0014,0.785,133413,"rs10277115","exposure",true,{"v":1.15513556021671e-11,"d":"1.16E-11"},"inferred","WPOlsC","textfile",{"v":3.04638875e-5,"d":"3.05E-05"},3.04638875e-5]
["G","C",0.0073,0.001,0.727,133413,"rs848490","exposure",true,{"v":2.87767727631518e-13,"d":"2.88E-13"},"inferred","WPOlsC","textfile",{"v":2.115303918e-5,"d":"2.12E-05"},2.115303918e-5]
["G","A",-0.013,0.0011,0.296,133413,"rs7805747","exposure",true,{"v":3.1441569221763e-32,"d":"3.14E-32"},"inferred","WPOlsC","textfile",{"v":7.0433792e-5,"d":"7.04E-05"},7.0433792e-5]
["G","A",0.0064,0.001,0.235,133413,"rs1405809","exposure",true,{"v":1.55376951634196e-10,"d":"1.55E-10"},"inferred","WPOlsC","textfile",{"v":1.4727168e-5,"d":"1.47E-05"},1.4727168e-5]
["C","T",-0.0072,0.00092,0.465,133413,"rs7007761","exposure",true,{"v":5.03289290971687e-15,"d":"5.03E-15"},"inferred","WPOlsC","textfile",{"v":2.5792992e-5,"d":"2.58E-05"},2.5792992e-5]
["A","C",0.0071,0.00092,0.617,133413,"rs4744712","exposure",true,{"v":1.18734707140993e-14,"d":"1.19E-14"},"inferred","WPOlsC","textfile",{"v":2.382487502e-5,"d":"2.38E-05"},2.382487502e-5]
["C","T",-0.011,0.0016,0.084,133413,"rs1044261","exposure",true,{"v":6.19898590351447e-12,"d":"6.20E-12"},"inferred","WPOlsC","textfile",{"v":1.8620448e-5,"d":"1.86E-05"},1.8620448e-5]
["G","A",0.0075,0.0011,0.186,133413,"rs10994856","exposure",true,{"v":9.21999103859315e-12,"d":"9.22E-12"},"inferred","WPOlsC","textfile",{"v":1.703295e-5,"d":"1.70E-05"},1.703295e-5]
["G","T",-0.0052,0.00092,0.531,133413,"rs10882140","exposure",true,{"v":1.58431167723349e-8,"d":"1.58E-08"},"inferred","WPOlsC","textfile",{"v":1.346802912e-5,"d":"1.35E-05"},1.346802912e-5]
["A","G",-0.0067,0.0011,0.143,133413,"rs163160","exposure",true,{"v":1.12271295895993e-9,"d":"1.12E-09"},"inferred","WPOlsC","textfile",{"v":1.100262878e-5,"d":"1.10E-05"},1.100262878e-5]
["T","C",0.0078,0.00092,0.456,133413,"rs963837","exposure",true,{"v":2.28584985008608e-17,"d":"2.29E-17"},"inferred","WPOlsC","textfile",{"v":3.018442752e-5,"d":"3.02E-05"},3.018442752e-5]
["C","G",-0.0061,0.00092,0.327,133413,"rs4014195","exposure",true,{"v":3.34699529969067e-11,"d":"3.35E-11"},"inferred","WPOlsC","textfile",{"v":1.637768382e-5,"d":"1.64E-05"},1.637768382e-5]
["T","C",-0.0064,0.00092,0.661,133413,"rs11062102","exposure",true,{"v":3.4877645939612e-12,"d":"3.49E-12"},"inferred","WPOlsC","textfile",{"v":1.835655168e-5,"d":"1.84E-05"},1.835655168e-5]
["T","C",0.0068,0.0011,0.174,133413,"rs7956634","exposure",true,{"v":6.3367484786031e-10,"d":"6.34E-10"},"inferred","WPOlsC","textfile",{"v":1.329159552e-5,"d":"1.33E-05"},1.329159552e-5]
["C","T",0.0057,0.001,0.25,133413,"rs11613352","exposure",true,{"v":1.19807428021271e-8,"d":"1.20E-08"},"inferred","WPOlsC","textfile",{"v":1.218375e-5,"d":"1.22E-05"},1.218375e-5]
["T","G",-0.013,0.00092,0.328,133413,"rs2467853","exposure",true,{"v":2.46616970402177e-45,"d":"2.47E-45"},"inferred","WPOlsC","textfile",{"v":7.4500608e-5,"d":"7.45E-05"},7.4500608e-5]
["A","C",0.0084,0.001,0.208,133413,"rs491567","exposure",true,{"v":4.46478639457616e-17,"d":"4.46E-17"},"inferred","WPOlsC","textfile",{"v":2.324754432e-5,"d":"2.32E-05"},2.324754432e-5]
["A","G",-0.0075,0.001,0.243,133413,"rs10851885","exposure",true,{"v":6.38178334582179e-14,"d":"6.38E-14"},"inferred","WPOlsC","textfile",{"v":2.06944875e-5,"d":"2.07E-05"},2.06944875e-5]
["T","C",0.016,0.0011,0.217,133413,"rs13329952","exposure",true,{"v":6.24148809100958e-48,"d":"6.24E-48"},"inferred","WPOlsC","textfile",{"v":8.6994432e-5,"d":"8.70E-05"},8.6994432e-5]
["G","A",-0.0065,0.00092,0.42,133413,"rs894680","exposure",true,{"v":1.60364739980564e-12,"d":"1.60E-12"},"inferred","WPOlsC","textfile",{"v":2.05842e-5,"d":"2.06E-05"},2.05842e-5]
["C","G",-0.0079,0.001,0.773,133413,"rs11078902","exposure",true,{"v":2.78903429331853e-15,"d":"2.79E-15"},"inferred","WPOlsC","textfile",{"v":2.190229022e-5,"d":"2.19E-05"},2.190229022e-5]
["C","T",-0.0077,0.001,0.8,133413,"rs6504023","exposure",true,{"v":1.36066230815479e-14,"d":"1.36E-14"},"inferred","WPOlsC","textfile",{"v":1.89728e-5,"d":"1.90E-05"},1.89728e-5]
["T","C",0.011,0.0012,0.82,133413,"rs11657044","exposure",true,{"v":4.87871546149474e-20,"d":"4.88E-20"},"inferred","WPOlsC","textfile",{"v":3.57192e-5,"d":"3.57E-05"},3.57192e-5]
["T","C",0.0066,0.00092,0.423,133413,"rs12460876","exposure",true,{"v":7.28839140891724e-13,"d":"7.29E-13"},"inferred","WPOlsC","textfile",{"v":2.126346552e-5,"d":"2.13E-05"},2.126346552e-5]
["C","T",0.0052,0.00092,0.385,133413,"rs11672046","exposure",true,{"v":1.58431167723349e-8,"d":"1.58E-08"},"inferred","WPOlsC","textfile",{"v":1.2804792e-5,"d":"1.28E-05"},1.2804792e-5]
["G","C",-0.0055,0.00092,0.51,133413,"rs6088580","exposure",true,{"v":2.25532369779262e-9,"d":"2.26E-09"},"inferred","WPOlsC","textfile",{"v":1.511895e-5,"d":"1.51E-05"},1.511895e-5]
["T","C",0.0084,0.0011,0.212,133413,"rs17216707","exposure",true,{"v":2.23442673493626e-14,"d":"2.23E-14"},"inferred","WPOlsC","textfile",{"v":2.357494272e-5,"d":"2.36E-05"},2.357494272e-5]

{"sheet":"Creatinine","index":2,"n_rows":76,"n_cols":15,"rows_kept":76}
["Creatinine"]
["other_allele.exposure","effect_allele.exposure","beta.exposure","se.exposure","eaf.exposure","samplesize.exposure","SNP","exposure","mr_keep.exposure","pval.exposure","pval_origin.exposure","id.exposure","data_source.exposure","R2","F"]
["T","C",-0.0277972,0.00485182,0.838816,110058,"rs659437","exposure",true,{"v":1.01e-8,"d":"1.01E-08"},"inferred","CjdlOG","textfile",0.000208939588151131,22.9998608950238]
["A","C",0.0265841,0.00379643,0.603362,110058,"rs1781221","exposure",true,{"v":2.52e-12,"d":"2.52E-12"},"inferred","CjdlOG","textfile",0.000338256533412943,37.2397576326167]
["G","A",-0.0265709,0.00425329,0.226026,110058,"rs640134","exposure",true,{"v":4.18e-10,"d":"4.18E-10"},"inferred","CjdlOG","textfile",0.000247017258033159,27.192448354129]
["T","C",0.0408711,0.00533914,0.12744,110058,"rs12722725","exposure",true,{"v":1.93e-14,"d":"1.93E-14"},"inferred","CjdlOG","textfile",0.000371504185826538,40.9014597388249]
["T","G",-0.0357301,0.00429544,0.219989,110058,"rs267738","exposure",true,{"v":8.93e-17,"d":"8.93E-17"},"inferred","CjdlOG","textfile",0.000438127135276318,48.239655101867]
["T","C",0.0280839,0.00507971,0.853523,110058,"rs3122720","exposure",true,{"v":3.23e-8,"d":"3.23E-08"},"inferred","CjdlOG","textfile",0.000197210255950416,21.7084530584629]
["G","A",-0.0199999,0.00357757,0.540797,110058,"rs10926982","exposure",true,{"v":2.27e-8,"d":"2.27E-08"},"inferred","CjdlOG","textfile",0.000198666497152928,21.8687846054973]
["C","T",-0.0214225,0.00372879,0.35164,110058,"rs56019566","exposure",true,{"v":9.18e-9,"d":"9.18E-09"},"inferred","CjdlOG","textfile",0.000209259307432575,23.0350626400542]
["G","A",0.0234669,0.0038233,0.316187,110058,"rs4293567","exposure",true,{"v":8.36e-10,"d":"8.36E-10"},"inferred","CjdlOG","textfile",0.00023813476597161,26.2144023643436]
["C","T",-0.0248872,0.00443998,0.799624,110058,"rs1527649","exposure",true,{"v":2.08e-8,"d":"2.08E-08"},"inferred","CjdlOG","textfile",0.00019847855747292,21.8480924991225]
["C","T",-0.0281251,0.00424192,0.227811,110058,"rs6546861","exposure",true,{"v":3.35e-11,"d":"3.35E-11"},"inferred","CjdlOG","textfile",0.000278302076889698,30.637339809472]
["G","A",0.0244089,0.00361863,0.409307,110058,"rs17050272","exposure",true,{"v":1.53e-11,"d":"1.53E-11"},"inferred","CjdlOG","textfile",0.000288096119291754,31.715843716268]
["C","T",0.0203507,0.00366395,0.383784,110058,"rs13015552","exposure",true,{"v":2.79e-8,"d":"2.79E-08"},"inferred","CjdlOG","textfile",0.000195888317274805,21.5629085678708]
["C","G",0.08145,0.01139,0.025477,110058,"rs187355703","exposure",true,{"v":8.61e-13,"d":"8.61E-13"},"inferred","CjdlOG","textfile",0.000329421965069334,36.2668108717749]
["T","C",0.0435059,0.00386404,0.311377,110058,"rs715","exposure",true,{"v":2.09e-29,"d":"2.09E-29"},"inferred","CjdlOG","textfile",0.000811697791469965,89.4047818019539]
["A","G",-0.0262203,0.00360738,0.51958,110058,"rs9989901","exposure",true,{"v":3.63e-13,"d":"3.63E-13"},"inferred","CjdlOG","textfile",0.000343224920326708,37.7869312479432]
["G","C",-0.0259714,0.0037951,0.329336,110058,"rs6747041","exposure",true,{"v":7.73e-12,"d":"7.73E-12"},"inferred","CjdlOG","textfile",0.000297964770692418,32.8025848179882]
["G","A",-0.0226275,0.00393774,0.292412,110058,"rs1381798","exposure",true,{"v":9.12e-9,"d":"9.12E-09"},"inferred","CjdlOG","textfile",0.000211874549980651,23.323007024288]
["G","A",-0.0211319,0.00384499,0.311446,110058,"rs11130203","exposure",true,{"v":3.89e-8,"d":"3.89E-08"},"inferred","CjdlOG","textfile",0.000191526050208265,21.0826288543533]
["C","T",0.0198112,0.00362078,0.441385,110058,"rs9868257","exposure",true,{"v":4.46e-8,"d":"4.46E-08"},"inferred","CjdlOG","textfile",0.000193544896292695,21.3049005611584]
["G","A",-0.0337453,0.0049994,0.149362,110058,"rs2271386","exposure",true,{"v":1.48e-11,"d":"1.48E-11"},"inferred","CjdlOG","textfile",0.000289361990067058,31.8552408747137]
["T","C",0.0242183,0.00383645,0.324736,110058,"rs7649167","exposure",true,{"v":2.74e-10,"d":"2.74E-10"},"inferred","CjdlOG","textfile",0.000257229834811004,28.3169706696476]
["T","C",0.0523541,0.00357855,0.46216,110058,"rs10008637","exposure",true,{"v":1.81e-48,"d":"1.81E-48"},"inferred","CjdlOG","textfile",0.00136262654425542,150.169852381576]
["A","G",-0.0259876,0.00359409,0.477959,110058,"rs3974479","exposure",true,{"v":4.81e-13,"d":"4.81E-13"},"inferred","CjdlOG","textfile",0.000337021493944899,37.1037422962595]
["A","G",-0.0253118,0.00437829,0.706529,110058,"rs2455357","exposure",true,{"v":7.42e-9,"d":"7.42E-09"},"inferred","CjdlOG","textfile",0.000265687572371441,29.2482823700502]
["G","A",0.0315122,0.00361358,0.425221,110058,"rs10062079","exposure",true,{"v":2.77e-18,"d":"2.77E-18"},"inferred","CjdlOG","textfile",0.000485403653638541,53.4475281302756]
["C","T",-0.0336121,0.00567386,0.112264,110058,"rs111366116","exposure",true,{"v":3.14e-9,"d":"3.14E-09"},"inferred","CjdlOG","textfile",0.00022518820222769,24.7888949510599]
["T","C",0.022638,0.00386587,0.54093,110058,"rs200800380","exposure",true,{"v":4.75e-9,"d":"4.75E-09"},"inferred","CjdlOG","textfile",0.000254522445691202,28.0188537101628]
["T","C",0.0395815,0.00385545,0.313522,110058,"rs5030873","exposure",true,{"v":9.99e-25,"d":"9.99E-25"},"inferred","CjdlOG","textfile",0.000674386917986063,74.2704136412273]
["T","C",0.0279898,0.00356356,0.493072,110058,"rs9272116","exposure",true,{"v":4.02e-15,"d":"4.02E-15"},"inferred","CjdlOG","textfile",0.000391639247257484,43.1191361421907]
["T","C",0.0297048,0.00387005,0.693535,110058,"rs1317983","exposure",true,{"v":1.65e-14,"d":"1.65E-14"},"inferred","CjdlOG","textfile",0.000375087444416577,41.296113436364]
["A","G",0.0239094,0.00396712,0.713357,110058,"rs4946935","exposure",true,{"v":1.67e-9,"d":"1.67E-09"},"inferred","CjdlOG","textfile",0.000233784448857106,25.7353978392176]
["C","T",-0.0238844,0.00381603,0.320506,110058,"rs9373056","exposure",true,{"v":3.88e-10,"d":"3.88E-10"},"inferred","CjdlOG","textfile",0.000248473717505065,27.3528199105849]
["G","A",0.0410545,0.00575402,0.892304,110058,"rs581611","exposure",true,{"v":9.68e-13,"d":"9.68E-13"},"inferred","CjdlOG","textfile",0.00032393952662785,35.6630412112427]
["A","G",0.0490744,0.00508078,0.143347,110058,"rs2279463","exposure",true,{"v":4.51e-22,"d":"4.51E-22"},"inferred","CjdlOG","textfile",0.000591471116034122,65.1334697122732]
["G","T",0.0399003,0.00397528,0.691296,110058,"rs62435145","exposure",true,{"v":1.05e-23,"d":"1.05E-23"},"inferred","CjdlOG","textfile",0.000679498681809514,74.8337563640321]
["G","A",0.0231656,0.00385529,0.305892,110058,"rs4722500","exposure",true,{"v":1.87e-9,"d":"1.87E-09"},"inferred","CjdlOG","textfile",0.000227883179816673,25.0856278305415]
["G","A",-0.0254844,0.00391984,0.70809,110058,"rs848476","exposure",true,{"v":7.96e-11,"d":"7.96E-11"},"inferred","CjdlOG","textfile",0.000268482668614486,29.5560638679369]
["A","G",-0.0218036,0.0035766,0.507332,110058,"rs7779671","exposure",true,{"v":1.09e-9,"d":"1.09E-09"},"inferred","CjdlOG","textfile",0.000237647373486077,26.1607363666697]
["A","G",0.0520142,0.0039302,0.289202,110058,"rs10224002","exposure",true,{"v":5.55e-40,"d":"5.55E-40"},"inferred","CjdlOG","textfile",0.00111229844821446,122.55143178409]
["A","C",0.0211594,0.00373506,0.640843,110058,"rs81039","exposure",true,{"v":1.47e-8,"d":"1.47E-08"},"inferred","CjdlOG","textfile",0.000206097475912489,22.6869395299982]
["A","C",-0.0230791,0.00361071,0.428156,110058,"rs408459","exposure",true,{"v":1.64e-10,"d":"1.64E-10"},"inferred","CjdlOG","textfile",0.00026082387127283,28.7127209398329]
["G","A",-0.023369,0.00393728,0.288576,110058,"rs2119690","exposure",true,{"v":2.93e-9,"d":"2.93E-09"},"inferred","CjdlOG","textfile",0.000224232714391463,24.6836905059902]
["A","G",0.0252255,0.00363601,0.4106,110058,"rs17786744","exposure",true,{"v":3.99e-12,"d":"3.99E-12"},"inferred","CjdlOG","textfile",0.000307991434579992,33.9067483121902]
["G","A",-0.0425615,0.00722311,0.065509,110058,"rs184561571","exposure",true,{"v":3.81e-9,"d":"3.81E-09"},"inferred","CjdlOG","textfile",0.000221788967729161,24.4146215261063]
["C","T",0.0466883,0.0082646,0.050177,110058,"rs11786896","exposure",true,{"v":1.61e-8,"d":"1.61E-08"},"inferred","CjdlOG","textfile",0.000207775095760712,22.8716480979147]
["A","C",-0.0248949,0.0036416,0.598839,110058,"rs4744712","exposure",true,{"v":8.13e-12,"d":"8.13E-12"},"inferred","CjdlOG","textfile",0.000297769046028188,32.7810313060981]
["A","T",0.037832,0.00651758,0.08256,110058,"rs80282103","exposure",true,{"v":6.45e-9,"d":"6.45E-09"},"inferred","CjdlOG","textfile",0.000216818309130171,23.8673307039168]
["C","T",-0.0307895,0.00468895,0.1802,110058,"rs10821907","exposure",true,{"v":5.15e-11,"d":"5.15E-11"},"inferred","CjdlOG","textfile",0.000280090235633759,30.8342473445133]
["C","T",-0.0236882,0.00422302,0.240715,110058,"rs11564722","exposure",true,{"v":2.03e-8,"d":"2.03E-08"},"inferred","CjdlOG","textfile",0.000205117206007733,22.5790105679492]
["A","C",0.0245149,0.0036506,0.465638,110058,"rs81205","exposure",true,{"v":1.88e-11,"d":"1.88E-11"},"inferred","CjdlOG","textfile",0.000299070949527569,32.9243991525233]
["A","G",-0.0218007,0.00375338,0.643478,110058,"rs55842281","exposure",true,{"v":6.31e-9,"d":"6.31E-09"},"inferred","CjdlOG","textfile",0.00021806748274995,24.0048695630079]
["G","A",0.0816124,0.00923366,0.038793,110058,"rs55733296","exposure",true,{"v":9.69e-19,"d":"9.69E-19"},"inferred","CjdlOG","textfile",0.000496721074078252,54.6943023413611]
["G","C",-0.0568751,0.00524941,0.867188,110058,"rs964184","exposure",true,{"v":2.36e-27,"d":"2.36E-27"},"inferred","CjdlOG","textfile",0.000745117765940819,82.0658295559616]
["C","A",-0.0272716,0.00470186,0.823752,110058,"rs10744602","exposure",true,{"v":6.62e-9,"d":"6.62E-09"},"inferred","CjdlOG","textfile",0.000215959300383858,23.7727507096573]
["G","T",-0.0264651,0.00445693,0.200477,110058,"rs10459101","exposure",true,{"v":2.89e-9,"d":"2.89E-09"},"inferred","CjdlOG","textfile",0.000224529076868795,24.7163216167483]
["C","A",0.0259506,0.00360094,0.4327,110058,"rs7170049","exposure",true,{"v":5.74e-13,"d":"5.74E-13"},"inferred","CjdlOG","textfile",0.000330616467674108,36.3983598635088]
["T","G",0.0453375,0.00368501,0.375142,110058,"rs2467853","exposure",true,{"v":8.7e-35,"d":"8.70E-35"},"inferred","CjdlOG","textfile",0.000963656281623275,106.158455993296]
["G","A",-0.0288251,0.00427576,0.22336,110058,"rs17730281","exposure",true,{"v":1.57e-11,"d":"1.57E-11"},"inferred","CjdlOG","textfile",0.00028826823996434,31.7347975517513]
["A","G",0.0283667,0.00409041,0.262044,110058,"rs11072563","exposure",true,{"v":4.06e-12,"d":"4.06E-12"},"inferred","CjdlOG","textfile",0.000311209119883199,34.2610932625459]
["G","A",0.133399,0.0244216,0.005764,110058,"rs138576244","exposure",true,{"v":4.7e-8,"d":"4.70E-08"},"inferred","CjdlOG","textfile",0.000203961689198046,22.4517869707762]
["G","A",-0.0537162,0.00452658,0.19564,110058,"rs77924615","exposure",true,{"v":1.76e-32,"d":"1.76E-32"},"inferred","CjdlOG","textfile",0.000908131373329882,100.036152391648]
["C","T",0.0219706,0.00398414,0.282786,110058,"rs9927390","exposure",true,{"v":3.5e-8,"d":"3.50E-08"},"inferred","CjdlOG","textfile",0.000195803519385211,21.553572394789]
["A","G",0.0254624,0.00360582,0.467451,110058,"rs445537","exposure",true,{"v":1.65e-12,"d":"1.65E-12"},"inferred","CjdlOG","textfile",0.000322793168698739,35.5367960092977]
["T","C",0.0217044,0.0036641,0.388901,110058,"rs2252281","exposure",true,{"v":3.15e-9,"d":"3.15E-09"},"inferred","CjdlOG","textfile",0.000223911396116953,24.6483116489206]
["C","T",-0.0343246,0.0040892,0.254627,110058,"rs113414512","exposure",true,{"v":4.7e-17,"d":"4.70E-17"},"inferred","CjdlOG","textfile",0.000447217794768549,49.2410230828027]
["G","A",0.0276447,0.00433698,0.783657,110058,"rs12940987","exposure",true,{"v":1.84e-10,"d":"1.84E-10"},"inferred","CjdlOG","textfile",0.00025913294057826,28.5265270711255]
["T","C",-0.0458271,0.00478762,0.831785,110058,"rs9905274","exposure",true,{"v":1.05e-21,"d":"1.05E-21"},"inferred","CjdlOG","textfile",0.00058769304427804,64.7171795173116]
["C","G",0.0275038,0.00361001,0.485616,110058,"rs8096658","exposure",true,{"v":2.56e-14,"d":"2.56E-14"},"inferred","CjdlOG","textfile",0.000377916485302852,41.6077009425924]
["C","T",-0.0327666,0.00456846,0.187446,110058,"rs35709439","exposure",true,{"v":7.37e-13,"d":"7.37E-13"},"inferred","CjdlOG","textfile",0.00032705527975556,36.0061718773942]
["G","T",0.0380071,0.00658008,0.080468,110058,"rs1065853","exposure",true,{"v":7.65e-9,"d":"7.65E-09"},"inferred","CjdlOG","textfile",0.000213771358617386,23.5318510797711]
["C","A",0.0269877,0.00366637,0.388257,110058,"rs6088559","exposure",true,{"v":1.83e-13,"d":"1.83E-13"},"inferred","CjdlOG","textfile",0.000345979244775402,38.0902702059207]
["A","T",-0.0239358,0.00406967,0.278929,110058,"rs6127099","exposure",true,{"v":4.07e-9,"d":"4.07E-09"},"inferred","CjdlOG","textfile",0.000230461078375808,25.3694711173995]
["A","T",0.0278505,0.00364595,0.59863,110058,"rs5750561","exposure",true,{"v":2.19e-14,"d":"2.19E-14"},"inferred","CjdlOG","textfile",0.000372734312875652,41.036943414749]

{"sheet":"Creatinine in urine","index":3,"n_rows":23,"n_cols":15,"rows_kept":23}
["Creatinine in urine"]
["other_allele.exposure","effect_allele.exposure","beta.exposure","se.exposure","eaf.exposure","samplesize.exposure","SNP","exposure","mr_keep.exposure","pval.exposure","pval_origin.exposure","id.exposure","data_source.exposure","R2","F"]
["G","C",-0.0178702,0.00294285,0.809337,327525,"rs61780440","exposure",true,{"v":1.26002525413888e-9,"d":"1.26E-09"},"inferred","m1LQyG","textfile",{"v":9.85563563679989e-5,"d":"9.86E-05"},32.2826551675833]
["T","A",-0.0235099,0.00350727,0.876075,327525,"rs71658797","exposure",true,{"v":2.039169187374e-11,"d":"2.04E-11"},"inferred","m1LQyG","textfile",0.000120013962271933,39.312050960191]
["A","G",0.0153912,0.00275941,0.224095,327525,"rs10747486","exposure",true,{"v":2.43699783076804e-8,"d":"2.44E-08"},"inferred","m1LQyG","textfile",{"v":8.23788407343407e-5,"d":"8.24E-05"},26.9831878975718]
["C","T",-0.0222551,0.00397036,0.906829,327525,"rs35041900","exposure",true,{"v":2.07882134601163e-8,"d":"2.08E-08"},"inferred","m1LQyG","textfile",{"v":8.36941788629674e-5,"d":"8.37E-05"},27.4140629412228]
["C","A",-0.0206636,0.00247439,0.684327,327525,"rs1047891","exposure",true,{"v":6.76945766165812e-17,"d":"6.77E-17"},"inferred","m1LQyG","textfile",0.000184477362664723,60.4317275377554]
["G","A",0.0151487,0.00233668,0.564253,327525,"rs13143189","exposure",true,{"v":8.99155897892987e-11,"d":"8.99E-11"},"inferred","m1LQyG","textfile",0.000112846737653889,36.9640733317004]
["C","T",-0.028583,0.00502951,0.944789,327525,"rs11968400","exposure",true,{"v":1.32306918315412e-8,"d":"1.32E-08"},"inferred","m1LQyG","textfile",{"v":8.5232662626665e-5,"d":"8.52E-05"},27.9180368900927]
["T","C",0.0210338,0.00238895,0.365527,327525,"rs4410790","exposure",true,{"v":1.31295158727722e-18,"d":"1.31E-18"},"inferred","m1LQyG","textfile",0.000205209793506805,67.2247223701254]
["C","T",0.0156922,0.00253435,0.709875,327525,"rs3815455","exposure",true,{"v":5.94792583005217e-10,"d":"5.95E-10"},"inferred","m1LQyG","textfile",0.00010142959704254,33.2238957985267]
["C","T",0.0154564,0.00269013,0.756831,327525,"rs56099375","exposure",true,{"v":9.15978040648763e-9,"d":"9.16E-09"},"inferred","m1LQyG","textfile",{"v":8.79333895044093e-5,"d":"8.79E-05"},28.8027402532301]
["C","G",-0.0482647,0.00869067,0.981612,327525,"rs150952847","exposure",true,{"v":2.79809497658634e-8,"d":"2.80E-08"},"inferred","m1LQyG","textfile",{"v":8.40937214137944e-5,"d":"8.41E-05"},27.5449442754804]
["G","C",0.0163614,0.00256189,0.281457,327525,"rs10740991","exposure",true,{"v":1.6977328296538e-10,"d":"1.70E-10"},"inferred","m1LQyG","textfile",0.00010827688108884,35.4670091819958]
["G","A",-0.0179417,0.0029449,0.187766,327525,"rs7142377","exposure",true,{"v":1.11185200858042e-9,"d":"1.11E-09"},"inferred","m1LQyG","textfile",{"v":9.81872952000642e-5,"d":"9.82E-05"},32.1617553615785]
["T","A",-0.0162178,0.00263858,0.744193,327525,"rs1288775","exposure",true,{"v":7.92552175033996e-10,"d":"7.93E-10"},"inferred","m1LQyG","textfile",0.000100140990221949,32.8017623414252]
["C","T",0.027145,0.00259658,0.733356,327525,"rs2472297","exposure",true,{"v":1.40271655616476e-25,"d":"1.40E-25"},"inferred","m1LQyG","textfile",0.00028817503386116,94.411158554122]
["A","G",0.0178355,0.00309677,0.833391,327525,"rs34262842","exposure",true,{"v":8.44194475571084e-9,"d":"8.44E-09"},"inferred","m1LQyG","textfile",{"v":8.83380558757971e-5,"d":"8.83E-05"},28.9353011628596]
["A","G",-0.0153066,0.00268752,0.244018,327525,"rs4488444","exposure",true,{"v":1.2305654658661e-8,"d":"1.23E-08"},"inferred","m1LQyG","textfile",{"v":8.64411986077721e-5,"d":"8.64E-05"},28.3139281815026]
["T","C",-0.0251286,0.0029619,0.18705,327525,"rs784257","exposure",true,{"v":2.17682597015427e-17,"d":"2.18E-17"},"inferred","m1LQyG","textfile",0.000192038422621237,62.9090812529078]
["C","T",-0.0479652,0.00790187,0.978286,327525,"rs28399448","exposure",true,{"v":1.27824692338875e-9,"d":"1.28E-09"},"inferred","m1LQyG","textfile",{"v":9.77435677043455e-5,"d":"9.77E-05"},32.0163959219928]
["G","C",0.017439,0.0029042,0.806577,327525,"rs1800437","exposure",true,{"v":1.91624884332218e-9,"d":"1.92E-09"},"inferred","m1LQyG","textfile",{"v":9.48914536425359e-5,"d":"9.49E-05"},31.0820829954019]
["G","A",0.0143972,0.00241144,0.647008,327525,"rs3788337","exposure",true,{"v":2.36709537065865e-9,"d":"2.37E-09"},"inferred","m1LQyG","textfile",{"v":9.46805091320128e-5,"d":"9.47E-05"},31.0129807172482]

{"sheet":"Urinary albumin excretion","index":4,"n_rows":40,"n_cols":15,"rows_kept":40}
["Urinary albumin excretion"]
["other_allele.exposure","effect_allele.exposure","eaf.exposure","beta.exposure","se.exposure","samplesize.exposure","SNP","exposure","mr_keep.exposure","pval.exposure","pval_origin.exposure","id.exposure","data_source.exposure","R2","F"]
["G","A",0.162021,-0.0146289,0.00225835,382500,"rs12032996","exposure",true,{"v":9.31350547264227e-11,"d":"9.31E-11"},"inferred","w38TeL","textfile",{"v":5.81109240692196e-5,"d":"5.81E-05"},22.2286039593452]
["C","T",0.801752,0.019002,0.00208977,382500,"rs10157710","exposure",true,{"v":9.64614989263362e-20,"d":"9.65E-20"},"inferred","w38TeL","textfile",0.000114782978440713,43.9092997278199]
["C","G",0.398298,-0.00952149,0.0017015,382500,"rs11162351","exposure",true,{"v":2.19431004563499e-8,"d":"2.19E-08"},"inferred","w38TeL","textfile",{"v":4.34539647404072e-5,"d":"4.35E-05"},16.6217768873831]
["G","A",0.398919,0.00987305,0.00170511,382500,"rs11264327","exposure",true,{"v":7.0272699501865e-9,"d":"7.03E-09"},"inferred","w38TeL","textfile",{"v":4.67466389041978e-5,"d":"4.67E-05"},17.8813317797377]
["G","A",0.0950993,-0.0161379,0.00284276,382500,"rs12727104","exposure",true,{"v":1.37203912424645e-8,"d":"1.37E-08"},"inferred","w38TeL","textfile",{"v":4.48231403203075e-5,"d":"4.48E-05"},17.1455300427359]
["C","T",0.576881,-0.00956599,0.00169543,382500,"rs12727980","exposure",true,{"v":1.67870858511105e-8,"d":"1.68E-08"},"inferred","w38TeL","textfile",{"v":4.4672329888831e-5,"d":"4.47E-05"},17.0878401914522]
["T","C",0.607391,-0.0117638,0.00171514,382500,"rs4665972","exposure",true,{"v":6.94420086565562e-12,"d":"6.94E-12"},"inferred","w38TeL","textfile",{"v":6.60015088133457e-5,"d":"6.60E-05"},25.247111465537]
["T","A",0.0468693,0.0223209,0.0039813,382500,"rs6750228","exposure",true,{"v":2.06536388882789e-8,"d":"2.07E-08"},"inferred","w38TeL","textfile",{"v":4.45137645983193e-5,"d":"4.45E-05"},17.0271838753827]
["C","A",0.430165,-0.0105329,0.00168261,382500,"rs13394343","exposure",true,{"v":3.85327692126157e-10,"d":"3.85E-10"},"inferred","w38TeL","textfile",{"v":5.43888792561784e-5,"d":"5.44E-05"},20.8047690858035]
["G","C",0.813227,0.0145475,0.00213725,382500,"rs10207567","exposure",true,{"v":9.99016952974155e-12,"d":"9.99E-12"},"inferred","w38TeL","textfile",{"v":6.42883991115028e-5,"d":"6.43E-05"},24.5917650485579]
["C","A",0.315975,-0.0120506,0.00179072,382500,"rs1047891","exposure",true,{"v":1.70279914399347e-11,"d":"1.70E-11"},"inferred","w38TeL","textfile",{"v":6.27728771865119e-5,"d":"6.28E-05"},24.0120072808705]
["G","A",0.122809,0.0149039,0.00255158,382500,"rs35483183","exposure",true,{"v":5.18736076915239e-9,"d":"5.19E-09"},"inferred","w38TeL","textfile",{"v":4.78579634546264e-5,"d":"4.79E-05"},18.3064514149505]
["C","T",0.0686196,0.0185187,0.00330262,382500,"rs6768627","exposure",true,{"v":2.05536431248792e-8,"d":"2.06E-08"},"inferred","w38TeL","textfile",{"v":4.38355302857392e-5,"d":"4.38E-05"},16.7677376859078]
["C","T",0.0770982,0.02279,0.00327415,382500,"rs112607182","exposure",true,{"v":3.38862173585998e-12,"d":"3.39E-12"},"inferred","w38TeL","textfile",{"v":7.3912582678614e-5,"d":"7.39E-05"},28.2735048171669]
["A","G",0.289396,-0.0101508,0.00184419,382500,"rs3805382","exposure",true,{"v":3.70837635083638e-8,"d":"3.71E-08"},"inferred","w38TeL","textfile",{"v":4.23790004797385e-5,"d":"4.24E-05"},16.2105699132491]
["G","A",0.537574,-0.0101997,0.00166929,382500,"rs7654754","exposure",true,{"v":9.95047764160412e-10,"d":"9.95E-10"},"inferred","w38TeL","textfile",{"v":5.17231888417988e-5,"d":"5.17E-05"},19.7850396309514]
["G","A",0.49552,0.011456,0.00167108,382500,"rs6535594","exposure",true,{"v":7.10899862378438e-12,"d":"7.11E-12"},"inferred","w38TeL","textfile",{"v":6.5614699923977e-5,"d":"6.56E-05"},25.0991383639535]
["G","A",0.0380928,0.0465282,0.00435422,382500,"rs4109437","exposure",true,{"v":1.18658321285466e-26,"d":"1.19E-26"},"inferred","w38TeL","textfile",0.000158649450049693,60.6927262127431]
["G","A",0.692437,0.0104223,0.00180694,382500,"rs702634","exposure",true,{"v":8.0252028544908e-9,"d":"8.03E-09"},"inferred","w38TeL","textfile",{"v":4.62670159519368e-5,"d":"4.63E-05"},17.69785989475]
["G","C",0.233037,0.0125286,0.00197381,382500,"rs7731168","exposure",true,{"v":2.18956542873075e-10,"d":"2.19E-10"},"inferred","w38TeL","textfile",{"v":5.61092388183892e-5,"d":"5.61E-05"},21.4628758951856]
["T","C",0.634441,0.0179825,0.00172991,382500,"rs4410790","exposure",true,{"v":2.61151440190456e-25,"d":"2.61E-25"},"inferred","w38TeL","textfile",0.000149995715928679,57.381668355714]
["G","A",0.262089,0.0133018,0.00191386,382500,"rs17158386","exposure",true,{"v":3.64646825846555e-12,"d":"3.65E-12"},"inferred","w38TeL","textfile",{"v":6.84389914934281e-5,"d":"6.84E-05"},26.1795690715583]
["C","G",0.421478,-0.0113649,0.00170734,382500,"rs28601761","exposure",true,{"v":2.80434862491516e-11,"d":"2.80E-11"},"inferred","w38TeL","textfile",{"v":6.29877394830685e-5,"d":"6.30E-05"},24.0942020161144]
["T","C",0.103609,0.0437388,0.0027289,382500,"rs1801239","exposure",true,{"v":8.14670582096088e-58,"d":"8.15E-58"},"inferred","w38TeL","textfile",0.000355351941544462,135.969724042303]
["C","T",0.0178053,0.0407219,0.00649033,382500,"rs45437393","exposure",true,{"v":3.51342064574917e-10,"d":"3.51E-10"},"inferred","w38TeL","textfile",{"v":5.8000661083174e-5,"d":"5.80E-05"},22.186423690233]
["C","G",0.446542,-0.0092072,0.00168304,382500,"rs10995311","exposure",true,{"v":4.48572633445526e-8,"d":"4.49E-08"},"inferred","w38TeL","textfile",{"v":4.19017471979206e-5,"d":"4.19E-05"},16.02800610117]
["G","A",0.212196,0.0152158,0.00204742,382500,"rs67339103","exposure",true,{"v":1.07215181414628e-13,"d":"1.07E-13"},"inferred","w38TeL","textfile",{"v":7.74060582678314e-5,"d":"7.74E-05"},29.6099544651896]
["G","C",0.0612078,0.0207063,0.00347623,382500,"rs17368443","exposure",true,{"v":2.57635456595016e-9,"d":"2.58E-09"},"inferred","w38TeL","textfile",{"v":4.92732537734206e-5,"d":"4.93E-05"},18.847849716708]
["C","T",0.34288,-0.011756,0.0017554,382500,"rs2601006","exposure",true,{"v":2.12670174009833e-11,"d":"2.13E-11"},"inferred","w38TeL","textfile",{"v":6.22781910835372e-5,"d":"6.23E-05"},23.8227671719169]
["G","A",0.519835,-0.00979741,0.00168146,382500,"rs4288924","exposure",true,{"v":5.65246384507486e-9,"d":"5.65E-09"},"inferred","w38TeL","textfile",{"v":4.7919091791273e-5,"d":"4.79E-05"},18.32983512103]
["G","A",0.644071,0.0122654,0.001742,382500,"rs8035855","exposure",true,{"v":1.90882309698003e-12,"d":"1.91E-12"},"inferred","w38TeL","textfile",{"v":6.89748154464043e-5,"d":"6.90E-05"},26.3845488280048]
["G","A",0.247086,-0.0115405,0.00193719,382500,"rs16943246","exposure",true,{"v":2.56376083410348e-9,"d":"2.56E-09"},"inferred","w38TeL","textfile",{"v":4.95533201014927e-5,"d":"4.96E-05"},18.9549851146257]
["T","C",0.173531,0.0123147,0.00220244,382500,"rs146311723","exposure",true,{"v":2.25259565964588e-8,"d":"2.25E-08"},"inferred","w38TeL","textfile",{"v":4.34992036421107e-5,"d":"4.35E-05"},16.6390821815243]
["C","T",0.267268,0.0181241,0.00187956,382500,"rs2472297","exposure",true,{"v":5.27628226266918e-22,"d":"5.28E-22"},"inferred","w38TeL","textfile",0.000128657473127136,49.2175583628757]
["A","G",0.32981,-0.00988725,0.00177603,382500,"rs2338796","exposure",true,{"v":2.5908623902533e-8,"d":"2.59E-08"},"inferred","w38TeL","textfile",{"v":4.32158231405676e-5,"d":"4.32E-05"},16.5306803065773]
["G","A",0.36212,-0.0105079,0.00173655,382500,"rs35572189","exposure",true,{"v":1.43930948479584e-9,"d":"1.44E-09"},"inferred","w38TeL","textfile",{"v":5.10097688020982e-5,"d":"5.10E-05"},19.5121298564978]
["T","C",0.812898,-0.0121833,0.00214605,382500,"rs784257","exposure",true,{"v":1.37012485054416e-8,"d":"1.37E-08"},"inferred","w38TeL","textfile",{"v":4.51517260696509e-5,"d":"4.52E-05"},17.2712247437979]
["A","G",0.27703,-0.0117361,0.00186509,382500,"rs838142","exposure",true,{"v":3.12370473102423e-10,"d":"3.12E-10"},"inferred","w38TeL","textfile",{"v":5.51727557880112e-5,"d":"5.52E-05"},21.1046331441732]

{"sheet":"Cystatin C","index":5,"n_rows":309,"n_cols":15,"rows_kept":309}
["Cystatin C"]
["other_allele.exposure","effect_allele.exposure","beta.exposure","se.exposure","eaf.exposure","samplesize.exposure","SNP","exposure","mr_keep.exposure","pval.exposure","pval_origin.exposure","id.exposure","data_source.exposure","R2","F"]
["C","A",-0.014496,0.0026412,0.21827,344264,"rs4970460","exposure",true,{"v":4.05557819288345e-8,"d":"4.06E-08"},"inferred","l4cvKo","textfile",{"v":7.17095808016054e-5,"d":"7.17E-05"},24.6886541189597]
["C","T",0.013111,0.0022091,0.58418,344264,"rs301806","exposure",true,{"v":2.93852390817018e-9,"d":"2.94E-09"},"inferred","l4cvKo","textfile",{"v":8.35129238445827e-5,"d":"8.35E-05"},28.7527274129185]
["C","G",-0.014759,0.0023771,0.6971,344264,"rs7542591","exposure",true,{"v":5.33819289063005e-10,"d":"5.34E-10"},"inferred","l4cvKo","textfile",{"v":9.19894912995976e-5,"d":"9.20E-05"},31.6713996897283]
["G","A",0.019888,0.0030569,0.1489,344264,"rs17037425","exposure",true,{"v":7.72103826209509e-11,"d":"7.72E-11"},"inferred","l4cvKo","textfile",0.000100250721413484,34.5159741065531]
["G","A",0.017835,0.0023407,0.31461,344264,"rs12736181","exposure",true,{"v":2.54629577651327e-14,"d":"2.55E-14"},"inferred","l4cvKo","textfile",0.000137178645213481,47.2318739629646]
["G","A",-0.012734,0.0022789,0.37061,344264,"rs2282718","exposure",true,{"v":2.2998600701952e-8,"d":"2.30E-08"},"inferred","l4cvKo","textfile",{"v":7.56478620602338e-5,"d":"7.56E-05"},26.0446545110121]
["T","C",0.024522,0.0041978,0.072559,344264,"rs78128878","exposure",true,{"v":5.16921033979389e-9,"d":"5.17E-09"},"inferred","l4cvKo","textfile",{"v":8.09318283362518e-5,"d":"8.09E-05"},27.8640081718209]
["C","T",0.012785,0.0022147,0.41818,344264,"rs2991341","exposure",true,{"v":7.79691761977045e-9,"d":"7.80E-09"},"inferred","l4cvKo","textfile",{"v":7.95395930497606e-5,"d":"7.95E-05"},27.3846375454229]
["A","T",0.027799,0.0029955,0.15739,344264,"rs3790585","exposure",true,{"v":1.69075476768658e-20,"d":"1.69E-20"},"inferred","l4cvKo","textfile",0.000204970842909774,70.578138782402]
["T","C",0.017565,0.0024052,0.29199,344264,"rs12753566","exposure",true,{"v":2.81573988546551e-13,"d":"2.82E-13"},"inferred","l4cvKo","textfile",0.000127565628694342,43.9216013522614]
["G","T",-0.02276,0.0039366,0.086993,344264,"rs11207719","exposure",true,{"v":7.39763302530262e-9,"d":"7.40E-09"},"inferred","l4cvKo","textfile",{"v":8.22873215649079e-5,"d":"8.23E-05"},28.3307291563986]
["G","C",0.02121,0.0022861,0.63702,344264,"rs11576753","exposure",true,{"v":1.72998687190459e-20,"d":"1.73E-20"},"inferred","l4cvKo","textfile",0.000208040120543773,71.635210976567]
["C","A",0.035534,0.003344,0.12461,344264,"rs34517439","exposure",true,{"v":2.25107551019745e-26,"d":"2.25E-26"},"inferred","l4cvKo","textfile",0.000275468959656,94.8596258715459]
["A","G",-0.018507,0.0022336,0.6144,344264,"rs786913","exposure",true,{"v":1.17389701384858e-16,"d":"1.17E-16"},"inferred","l4cvKo","textfile",0.000162289446044959,55.8791578719061]
["T","C",0.013066,0.0022062,0.57117,344264,"rs3789688","exposure",true,{"v":3.17275761404538e-9,"d":"3.17E-09"},"inferred","l4cvKo","textfile",{"v":8.36307231243837e-5,"d":"8.36E-05"},28.7932880077438]
["G","C",0.016948,0.002648,0.21565,344264,"rs12077442","exposure",true,{"v":1.55069808170438e-10,"d":"1.55E-10"},"inferred","l4cvKo","textfile",{"v":9.71686725375391e-5,"d":"9.72E-05"},33.4547322970457]
["G","T",0.017533,0.0022348,0.39176,344264,"rs10875290","exposure",true,{"v":4.31421643187082e-15,"d":"4.31E-15"},"inferred","l4cvKo","textfile",0.000146499967979319,50.4417616929692]
["C","A",-0.013094,0.0021896,0.45972,344264,"rs12121000","exposure",true,{"v":2.2301753481696e-9,"d":"2.23E-09"},"inferred","l4cvKo","textfile",{"v":8.51700609539425e-5,"d":"8.52E-05"},29.3233129924811]
["G","A",0.031904,0.0030514,0.14951,344264,"rs333947","exposure",true,{"v":1.38225819369519e-25,"d":"1.38E-25"},"inferred","l4cvKo","textfile",0.000258856885762947,89.1376631043992]
["G","A",0.018356,0.0024191,0.28693,344264,"rs41276588","exposure",true,{"v":3.25016475451273e-14,"d":"3.25E-14"},"inferred","l4cvKo","textfile",0.000137877759454018,47.4726186434532]
["A","G",-0.01279,0.0023349,0.67958,344264,"rs532303","exposure",true,{"v":4.307665640194e-8,"d":"4.31E-08"},"inferred","l4cvKo","textfile",{"v":7.12412104393695e-5,"d":"7.12E-05"},24.5273889491559]
["C","T",-0.030774,0.0026222,0.22133,344264,"rs198325","exposure",true,{"v":8.33878026129303e-32,"d":"8.34E-32"},"inferred","l4cvKo","textfile",0.000326431169855966,112.414543007738]
["G","T",0.025003,0.0024615,0.26747,344264,"rs76798800","exposure",true,{"v":3.06442645603205e-24,"d":"3.06E-24"},"inferred","l4cvKo","textfile",0.000244971031341466,84.3548816940432]
["A","G",-0.015377,0.0027798,0.80915,344264,"rs855866","exposure",true,{"v":3.17154769967241e-8,"d":"3.17E-08"},"inferred","l4cvKo","textfile",{"v":7.30288441768396e-5,"d":"7.30E-05"},25.1428921103572]
["A","G",-0.015264,0.0022144,0.58966,344264,"rs11265564","exposure",true,{"v":5.46034529530926e-12,"d":"5.46E-12"},"inferred","l4cvKo","textfile",0.000112748878996373,38.8195314397022]
["A","G",0.015361,0.0021834,0.49879,344264,"rs4442348","exposure",true,{"v":1.98750464693959e-12,"d":"1.99E-12"},"inferred","l4cvKo","textfile",0.000117979469560988,40.6206405516304]
["G","A",0.017015,0.002197,0.5667,344264,"rs1011731","exposure",true,{"v":9.58441320847086e-15,"d":"9.58E-15"},"inferred","l4cvKo","textfile",0.000142179114210199,48.9538264279104]
["A","G",-0.015558,0.0026007,0.2276,344264,"rs10912860","exposure",true,{"v":2.20095666898276e-9,"d":"2.20E-09"},"inferred","l4cvKo","textfile",{"v":8.51044075615987e-5,"d":"8.51E-05"},29.3007071752964]
["T","C",-0.015347,0.0022118,0.41114,344264,"rs10911678","exposure",true,{"v":3.95745562635677e-12,"d":"3.96E-12"},"inferred","l4cvKo","textfile",0.000114045661363415,39.2660655967119]
["A","C",-0.016621,0.0022624,0.36524,344264,"rs12751255","exposure",true,{"v":2.03277080007611e-13,"d":"2.03E-13"},"inferred","l4cvKo","textfile",0.000128095000650943,44.1038906019904]
["C","T",0.016136,0.0026758,0.20985,344264,"rs17641524","exposure",true,{"v":1.63608947268558e-9,"d":"1.64E-09"},"inferred","l4cvKo","textfile",{"v":8.63456143898237e-5,"d":"8.63E-05"},29.72808079047]
["G","A",-0.014621,0.0024043,0.29232,344264,"rs12023563","exposure",true,{"v":1.19295411251794e-9,"d":"1.19E-09"},"inferred","l4cvKo","textfile",{"v":8.84462862048902e-5,"d":"8.84E-05"},30.4513886937076]
["C","G",-0.013975,0.0024227,0.28365,344264,"rs3111253","exposure",true,{"v":8.00478014877642e-9,"d":"8.00E-09"},"inferred","l4cvKo","textfile",{"v":7.93673138223469e-5,"d":"7.94E-05"},27.3253189282715]
["A","G",0.013089,0.0022002,0.42733,344264,"rs1769798","exposure",true,{"v":2.69777999622486e-9,"d":"2.70E-09"},"inferred","l4cvKo","textfile",{"v":8.38514827323752e-5,"d":"8.39E-05"},28.8692998820135]
["A","G",-0.015251,0.0021877,0.52874,344264,"rs2636321","exposure",true,{"v":3.14140860239231e-12,"d":"3.14E-12"},"inferred","l4cvKo","textfile",0.000115912262630654,39.9088132786004]
["C","G",0.024729,0.0022942,0.34792,344264,"rs60843830","exposure",true,{"v":4.32935341827101e-27,"d":"4.33E-27"},"inferred","l4cvKo","textfile",0.000277474693010602,95.5505056124276]
["T","C",-0.037195,0.0050757,0.048335,344264,"rs62106258","exposure",true,{"v":2.33519898558349e-13,"d":"2.34E-13"},"inferred","l4cvKo","textfile",0.000127275538134784,43.8217087409189]
["T","C",-0.015527,0.0026889,0.79091,344264,"rs2255293","exposure",true,{"v":7.71909733053006e-9,"d":"7.72E-09"},"inferred","l4cvKo","textfile",{"v":7.97380169859708e-5,"d":"7.97E-05"},27.4529582480754]
["G","T",-0.033033,0.0022677,0.35772,344264,"rs807624","exposure",true,{"v":4.57182640071174e-48,"d":"4.57E-48"},"inferred","l4cvKo","textfile",0.000501410761979612,172.703267017337]
["C","G",0.025026,0.002337,0.31774,344264,"rs17693971","exposure",true,{"v":9.27530734297997e-27,"d":"9.28E-27"},"inferred","l4cvKo","textfile",0.000271540539948547,93.5064801638792]
["A","C",0.048056,0.0061694,0.032198,344264,"rs10180164","exposure",true,{"v":6.73216119154597e-15,"d":"6.73E-15"},"inferred","l4cvKo","textfile",0.000143926460392706,49.555543461677]
["T","C",0.021744,0.0022268,0.6069,344264,"rs1260326","exposure",true,{"v":1.59607619171275e-22,"d":"1.60E-22"},"inferred","l4cvKo","textfile",0.000225594784878382,77.6812363135968]
["T","C",-0.014823,0.0022153,0.58127,344264,"rs12476256","exposure",true,{"v":2.21358385395847e-11,"d":"2.21E-11"},"inferred","l4cvKo","textfile",0.000106958227963631,36.8255922753091]
["G","T",0.019904,0.0025201,0.25182,344264,"rs687914","exposure",true,{"v":2.83188548681742e-15,"d":"2.83E-15"},"inferred","l4cvKo","textfile",0.000149281859431298,51.3997445409768]
["G","A",-0.013489,0.0023327,0.33922,344264,"rs78597273","exposure",true,{"v":7.35681351720153e-9,"d":"7.36E-09"},"inferred","l4cvKo","textfile",{"v":8.15695083062391e-5,"d":"8.16E-05"},28.0835728317499]
["T","C",0.017231,0.0022988,0.35211,344264,"rs12713261","exposure",true,{"v":6.5970659977884e-14,"d":"6.60E-14"},"inferred","l4cvKo","textfile",0.000135466090251502,46.6421455912668]
["C","A",-0.01826,0.0023547,0.68689,344264,"rs2049019","exposure",true,{"v":8.85502191722358e-15,"d":"8.86E-15"},"inferred","l4cvKo","textfile",0.00014342196686518,49.3818155940605]
["C","T",-0.012215,0.0022113,0.44565,344264,"rs759219","exposure",true,{"v":3.3155627853208e-8,"d":"3.32E-08"},"inferred","l4cvKo","textfile",{"v":7.37216252496649e-5,"d":"7.37E-05"},25.3814253116253]
["C","T",-0.026611,0.0025934,0.2289,344264,"rs13391258","exposure",true,{"v":1.0555567379528e-24,"d":"1.06E-24"},"inferred","l4cvKo","textfile",0.000249982082345175,86.0808503025234]
["G","C",-0.016022,0.0023308,0.3244,344264,"rs2969473","exposure",true,{"v":6.24110309211966e-12,"d":"6.24E-12"},"inferred","l4cvKo","textfile",0.000112521091644492,38.7410952420441]
["T","C",0.019644,0.0029785,0.16357,344264,"rs72821069","exposure",true,{"v":4.24493865606578e-11,"d":"4.24E-11"},"inferred","l4cvKo","textfile",0.000105590075741704,36.3544893282722]
["A","G",-0.015551,0.0024584,0.72962,344264,"rs13000374","exposure",true,{"v":2.52154165961625e-10,"d":"2.52E-10"},"inferred","l4cvKo","textfile",{"v":9.54152806995656e-5,"d":"9.54E-05"},32.8509898506117]
["G","A",-0.014427,0.0021901,0.48141,344264,"rs902695","exposure",true,{"v":4.4768433922081e-11,"d":"4.48E-11"},"inferred","l4cvKo","textfile",0.000103925304240687,35.781251665973]
["C","T",0.066589,0.0051436,0.046968,344264,"rs28930677","exposure",true,{"v":2.47547582789183e-38,"d":"2.48E-38"},"inferred","l4cvKo","textfile",0.000396957975572096,136.711815431892]
["T","C",-0.027098,0.003147,0.13899,344264,"rs76512888","exposure",true,{"v":7.2590211380588e-18,"d":"7.26E-18"},"inferred","l4cvKo","textfile",0.00017575035986821,60.5148058878618]
["T","C",-0.016583,0.0025308,0.24536,344264,"rs10200647","exposure",true,{"v":5.65917539063787e-11,"d":"5.66E-11"},"inferred","l4cvKo","textfile",0.000101835636347056,35.0617103716974]
["G","A",0.017687,0.0021795,0.49293,344264,"rs7593570","exposure",true,{"v":4.8512908648759e-16,"d":"4.85E-16"},"inferred","l4cvKo","textfile",0.000156383710950565,53.8453896411131]
["T","C",0.021635,0.0033925,0.8782,344264,"rs2138385","exposure",true,{"v":1.80233808849753e-10,"d":"1.80E-10"},"inferred","l4cvKo","textfile",0.000100134680349102,34.4760175713418]
["A","G",0.019574,0.002751,0.19554,344264,"rs3769869","exposure",true,{"v":1.1172569336065e-12,"d":"1.12E-12"},"inferred","l4cvKo","textfile",0.00012053945654648,41.502157037059]
["A","G",-0.01471,0.0025209,0.2477,344264,"rs6744911","exposure",true,{"v":5.37204176257003e-9,"d":"5.37E-09"},"inferred","l4cvKo","textfile",{"v":8.0644064726222e-5,"d":"8.06E-05"},27.7649260872751]
["A","T",-0.051715,0.0089915,0.014904,344264,"rs16856823","exposure",true,{"v":8.84325164702129e-9,"d":"8.84E-09"},"inferred","l4cvKo","textfile",{"v":7.85316009697053e-5,"d":"7.85E-05"},27.0375693166375]
["G","A",0.03496,0.0062549,0.03247,344264,"rs114388677","exposure",true,{"v":2.28094386440727e-8,"d":"2.28E-08"},"inferred","l4cvKo","textfile",{"v":7.67926354102771e-5,"d":"7.68E-05"},26.4388165580134]
["G","T",0.028063,0.0023326,0.64384,344264,"rs863678","exposure",true,{"v":2.44833399226968e-33,"d":"2.45E-33"},"inferred","l4cvKo","textfile",0.000361177997306258,124.384784756101]
["G","T",-0.013603,0.0021775,0.51211,344264,"rs4666821","exposure",true,{"v":4.18217422367495e-10,"d":"4.18E-10"},"inferred","l4cvKo","textfile",{"v":9.24665310189056e-5,"d":"9.25E-05"},31.8356566343622]
["C","T",0.016525,0.00228,0.64529,344264,"rs55775495","exposure",true,{"v":4.23573528585718e-13,"d":"4.24E-13"},"inferred","l4cvKo","textfile",0.000125009005217305,43.0412306955524]
["G","A",0.03774,0.0023838,0.29438,344264,"rs10189685","exposure",true,{"v":1.87577599282365e-56,"d":"1.88E-56"},"inferred","l4cvKo","textfile",0.000591715533228477,203.82577978027]
["C","A",-0.025923,0.0023415,0.31574,344264,"rs1047891","exposure",true,{"v":1.73244678081407e-28,"d":"1.73E-28"},"inferred","l4cvKo","textfile",0.000290369684739758,99.992283135609]
["C","T",-0.022692,0.0023029,0.34125,344264,"rs3888879","exposure",true,{"v":6.60905656712967e-23,"d":"6.61E-23"},"inferred","l4cvKo","textfile",0.00023150950890795,79.718382119164]
["C","T",0.0134,0.0023554,0.31315,344264,"rs10933149","exposure",true,{"v":1.27744369906433e-8,"d":"1.28E-08"},"inferred","l4cvKo","textfile",{"v":7.72420712718e-5,"d":"7.72E-05"},26.5935640821446]
["G","A",0.01622,0.0021873,0.5328,344264,"rs10211596","exposure",true,{"v":1.21134685786188e-13,"d":"1.21E-13"},"inferred","l4cvKo","textfile",0.000130978117951488,45.0966955225205]
["A","G",0.012203,0.0021822,0.47804,344264,"rs299644","exposure",true,{"v":2.24387295061241e-8,"d":"2.24E-08"},"inferred","l4cvKo","textfile",{"v":7.43129802116614e-5,"d":"7.43E-05"},25.5850364939377]
["T","C",-0.019692,0.0023062,0.6647,344264,"rs2306623","exposure",true,{"v":1.35714793263135e-17,"d":"1.36E-17"},"inferred","l4cvKo","textfile",0.000172849800278797,59.5159052559159]
["A","C",-0.012389,0.0021881,0.4581,344264,"rs1046512","exposure",true,{"v":1.49627673131294e-8,"d":"1.50E-08"},"inferred","l4cvKo","textfile",{"v":7.62047327487584e-5,"d":"7.62E-05"},26.2363930428732]
["C","T",0.014464,0.0022168,0.40517,344264,"rs12108134","exposure",true,{"v":6.81285395279876e-11,"d":"6.81E-11"},"inferred","l4cvKo","textfile",0.00010084095900634,34.7192113480088]
["G","A",-0.019443,0.0024125,0.28511,344264,"rs3197999","exposure",true,{"v":7.67485101292577e-16,"d":"7.67E-16"},"inferred","l4cvKo","textfile",0.000154101980493173,53.0596326030092]
["T","A",-0.01266,0.0022349,0.39434,344264,"rs2268023","exposure",true,{"v":1.4729660207426e-8,"d":"1.47E-08"},"inferred","l4cvKo","textfile",{"v":7.65591549915773e-5,"d":"7.66E-05"},26.3584257945161]
["C","G",0.012405,0.0022001,0.51947,344264,"rs7039","exposure",true,{"v":1.71657304348532e-8,"d":"1.72E-08"},"inferred","l4cvKo","textfile",{"v":7.68253435106147e-5,"d":"7.68E-05"},26.4500784440136]
["G","A",-0.017501,0.0022255,0.41981,344264,"rs2014520","exposure",true,{"v":3.72501132670332e-15,"d":"3.73E-15"},"inferred","l4cvKo","textfile",0.000149203408245362,51.3727287155801]
["T","G",0.01609,0.0029289,0.83276,344264,"rs4378991","exposure",true,{"v":3.93978156965232e-8,"d":"3.94E-08"},"inferred","l4cvKo","textfile",{"v":7.21110964820989e-5,"d":"7.21E-05"},24.8269005921443]
["C","T",0.030446,0.005073,0.049346,344264,"rs145868254","exposure",true,{"v":1.95410262702862e-9,"d":"1.95E-09"},"inferred","l4cvKo","textfile",{"v":8.69690880337654e-5,"d":"8.70E-05"},29.9427562788869]
["G","A",0.0193,0.0021816,0.4784,344264,"rs59823080","exposure",true,{"v":9.01307648014233e-19,"d":"9.01E-19"},"inferred","l4cvKo","textfile",0.0001858974221312,64.0093175048477]
["A","T",0.020287,0.0032162,0.13172,344264,"rs62265615","exposure",true,{"v":2.83112820931795e-10,"d":"2.83E-10"},"inferred","l4cvKo","textfile",{"v":9.41406459021015e-5,"d":"9.41E-05"},32.4120983354216]
["T","C",-0.024553,0.0023372,0.33009,344264,"rs6787409","exposure",true,{"v":8.16579747027335e-26,"d":"8.17E-26"},"inferred","l4cvKo","textfile",0.000266617070181944,91.8106040892503]
["G","C",0.016057,0.0023954,0.70405,344264,"rs7628851","exposure",true,{"v":2.03813927161524e-11,"d":"2.04E-11"},"inferred","l4cvKo","textfile",0.000107443626270337,36.9927323003826]
["C","A",0.015059,0.0024953,0.74222,344264,"rs1713806","exposure",true,{"v":1.59016151292539e-9,"d":"1.59E-09"},"inferred","l4cvKo","textfile",{"v":8.67769005852453e-5,"d":"8.68E-05"},29.8765819464591]
["G","A",0.022191,0.0033127,0.12312,344264,"rs16853637","exposure",true,{"v":2.10187770790153e-11,"d":"2.10E-11"},"inferred","l4cvKo","textfile",0.000106329192099058,36.6089929350482]
["G","A",-0.017798,0.0024926,0.2586,344264,"rs6777400","exposure",true,{"v":9.3103464743379e-13,"d":"9.31E-13"},"inferred","l4cvKo","textfile",0.000121465656772912,41.8210897580908]
["G","A",0.016103,0.0022274,0.39206,344264,"rs5029979","exposure",true,{"v":4.84756759870881e-13,"d":"4.85E-13"},"inferred","l4cvKo","textfile",0.000123610919285546,42.5598031514727]
["C","G",0.021687,0.0023855,0.29776,344264,"rs10933713","exposure",true,{"v":9.79736622077017e-20,"d":"9.80E-20"},"inferred","l4cvKo","textfile",0.000196689363028388,67.7259944775931]
["C","T",-0.031228,0.0051294,0.047307,344264,"rs73260458","exposure",true,{"v":1.14300257520542e-9,"d":"1.14E-09"},"inferred","l4cvKo","textfile",{"v":8.79015876341949e-5,"d":"8.79E-05"},30.2638366014084]
["A","T",-0.012137,0.002221,0.58939,344264,"rs58785573","exposure",true,{"v":4.63806494772864e-8,"d":"4.64E-08"},"inferred","l4cvKo","textfile",{"v":7.12992537829749e-5,"d":"7.13E-05"},24.547373915277]
["G","A",-0.019563,0.0021771,0.49097,344264,"rs7684939","exposure",true,{"v":2.56842866126938e-19,"d":"2.57E-19"},"inferred","l4cvKo","textfile",0.000191293071306296,65.8675353171782]
["C","T",-0.0484,0.008619,0.016221,344264,"rs114612307","exposure",true,{"v":1.95993933450237e-8,"d":"1.96E-08"},"inferred","l4cvKo","textfile",{"v":7.47645788054141e-5,"d":"7.48E-05"},25.7405279084368]
["C","A",0.066665,0.002179,0.45682,344264,"rs4859682","exposure",true,{"v":1.45701802404851e-205,"d":"1.46E-205"},"inferred","l4cvKo","textfile",0.00220553849760626,760.961423978706]
["C","T",-0.01555,0.0024006,0.29292,344264,"rs1458038","exposure",true,{"v":9.32255663217006e-11,"d":"9.32E-11"},"inferred","l4cvKo","textfile",0.000100163239262328,34.4858512895014]
["A","G",0.014889,0.0025203,0.25682,344264,"rs6532771","exposure",true,{"v":3.47064337040583e-9,"d":"3.47E-09"},"inferred","l4cvKo","textfile",{"v":8.46221218506454e-5,"d":"8.46E-05"},29.1346463481402]
["C","T",-0.025028,0.0023159,0.33105,344264,"rs223354","exposure",true,{"v":3.18826855272204e-27,"d":"3.19E-27"},"inferred","l4cvKo","textfile",0.000277440295630847,95.5386573277999]
["C","T",-0.015318,0.0026911,0.2088,344264,"rs13119468","exposure",true,{"v":1.25489135802508e-8,"d":"1.25E-08"},"inferred","l4cvKo","textfile",{"v":7.75266287321549e-5,"d":"7.75E-05"},26.6915415658224]
["C","T",0.016902,0.0022177,0.57877,344264,"rs4834191","exposure",true,{"v":2.50920399961213e-14,"d":"2.51E-14"},"inferred","l4cvKo","textfile",0.00013929370697044,47.9602107045938]
["G","T",-0.019129,0.0022217,0.5956,344264,"rs10031363","exposure",true,{"v":7.301383224514e-18,"d":"7.30E-18"},"inferred","l4cvKo","textfile",0.00017627079611838,60.6940353992454]
["C","A",0.016599,0.0023132,0.33351,344264,"rs10009166","exposure",true,{"v":7.18993373086755e-13,"d":"7.19E-13"},"inferred","l4cvKo","textfile",0.000122488789735345,42.1734015007781]
["A","G",-0.01392,0.0022118,0.47987,344264,"rs13159523","exposure",true,{"v":3.10353315325617e-10,"d":"3.10E-10"},"inferred","l4cvKo","textfile",{"v":9.67261651601357e-5,"d":"9.67E-05"},33.3023642803462]
["C","T",0.014655,0.0024086,0.29096,344264,"rs111306756","exposure",true,{"v":1.16893771697526e-9,"d":"1.17E-09"},"inferred","l4cvKo","textfile",{"v":8.86146783744931e-5,"d":"8.86E-05"},30.5093699845683]
["C","G",0.012718,0.0022071,0.46644,344264,"rs11745300","exposure",true,{"v":8.29691751767513e-9,"d":"8.30E-09"},"inferred","l4cvKo","textfile",{"v":8.05094180677069e-5,"d":"8.05E-05"},27.7185648883537]
["T","C",-0.013415,0.0021787,0.52465,344264,"rs6859990","exposure",true,{"v":7.39762027075543e-10,"d":"7.40E-10"},"inferred","l4cvKo","textfile",{"v":8.97624143058799e-5,"d":"8.98E-05"},30.9045623418997]
["C","T",0.021218,0.0022183,0.41092,344264,"rs835223","exposure",true,{"v":1.12220792491859e-21,"d":"1.12E-21"},"inferred","l4cvKo","textfile",0.000217956810213823,75.0506051883428]
["C","T",-0.028181,0.0034525,0.11295,344264,"rs80138475","exposure",true,{"v":3.28185179894293e-16,"d":"3.28E-16"},"inferred","l4cvKo","textfile",0.000159139185534637,54.7942942098776]
["G","A",0.033697,0.0035081,0.10753,344264,"rs55938024","exposure",true,{"v":7.58006269171144e-22,"d":"7.58E-22"},"inferred","l4cvKo","textfile",0.000217939396381413,75.0446076535518]
["T","C",-0.015334,0.0022315,0.39285,344264,"rs2307111","exposure",true,{"v":6.34808562891719e-12,"d":"6.35E-12"},"inferred","l4cvKo","textfile",0.000112166629603897,38.619040008253]
["A","G",-0.020975,0.0035822,0.10346,344264,"rs1852731","exposure",true,{"v":4.76034282182751e-9,"d":"4.76E-09"},"inferred","l4cvKo","textfile",{"v":8.16161453341955e-5,"d":"8.16E-05"},28.0996308085927]
["T","C",-0.016006,0.0021909,0.44713,344264,"rs2910686","exposure",true,{"v":2.75881406489712e-13,"d":"2.76E-13"},"inferred","l4cvKo","textfile",0.000126663783134973,43.6110512503501]
["A","C",0.014178,0.0022336,0.55356,344264,"rs2963033","exposure",true,{"v":2.18699412278394e-10,"d":"2.19E-10"},"inferred","l4cvKo","textfile",{"v":9.93545452282465e-5,"d":"9.94E-05"},34.2073931093524]
["G","C",0.021766,0.0039454,0.084268,344264,"rs115568222","exposure",true,{"v":3.45219331517037e-8,"d":"3.45E-08"},"inferred","l4cvKo","textfile",{"v":7.31169930535859e-5,"d":"7.31E-05"},25.1732428544365]
["G","C",-0.015065,0.0026952,0.79344,344264,"rs4134361","exposure",true,{"v":2.27636999324379e-8,"d":"2.28E-08"},"inferred","l4cvKo","textfile",{"v":7.43924023445261e-5,"d":"7.44E-05"},25.6123825826013]
["T","C",-0.014557,0.0024013,0.29296,344264,"rs12651794","exposure",true,{"v":1.34328051665111e-9,"d":"1.34E-09"},"inferred","l4cvKo","textfile",{"v":8.77861637601311e-5,"d":"8.78E-05"},30.2240935656175]
["T","C",0.045102,0.0023089,0.33226,344264,"rs10051765","exposure",true,{"v":5.64657652747812e-85,"d":"5.65E-85"},"inferred","l4cvKo","textfile",0.000902624360799852,311.020001928115]
["T","G",-0.012343,0.0021754,0.48499,344264,"rs7763581","exposure",true,{"v":1.39583404599536e-8,"d":"1.40E-08"},"inferred","l4cvKo","textfile",{"v":7.61061757176906e-5,"d":"7.61E-05"},26.2024584338294]
["C","T",-0.018782,0.0022534,0.62628,344264,"rs4959168","exposure",true,{"v":7.75240667867051e-17,"d":"7.75E-17"},"inferred","l4cvKo","textfile",0.000165130977284125,56.8577094709184]
["A","G",-0.017489,0.0024465,0.72645,344264,"rs1772973","exposure",true,{"v":8.76803998072984e-13,"d":"8.77E-13"},"inferred","l4cvKo","textfile",0.000121563276853011,41.8547048110399]
["A","G",0.029742,0.0025588,0.75691,344264,"rs687467","exposure",true,{"v":3.13347064223178e-31,"d":"3.13E-31"},"inferred","l4cvKo","textfile",0.000325522993687327,112.101688530034]
["G","A",-0.052876,0.0074396,0.021982,344264,"rs17184086","exposure",true,{"v":1.18273883287065e-12,"d":"1.18E-12"},"inferred","l4cvKo","textfile",0.000120215712531031,41.390677437138]
["C","T",-0.034394,0.0022546,0.3693,344264,"rs1050420","exposure",true,{"v":1.52415256635357e-52,"d":"1.52E-52"},"inferred","l4cvKo","textfile",0.000551058249341005,189.813013061313]
["G","A",0.022355,0.0022702,0.36721,344264,"rs36207014","exposure",true,{"v":7.05151341939732e-23,"d":"7.05E-23"},"inferred","l4cvKo","textfile",0.000232248785175864,79.9730049154516]
["C","G",0.041355,0.0034952,0.12806,344264,"rs9273453","exposure",true,{"v":2.66897834000032e-32,"d":"2.67E-32"},"inferred","l4cvKo","textfile",0.000381932085891413,131.534941167597]
["A","G",0.012879,0.0021798,0.50934,344264,"rs3135406","exposure",true,{"v":3.4557177224063e-9,"d":"3.46E-09"},"inferred","l4cvKo","textfile",{"v":8.29053811991624e-5,"d":"8.29E-05"},28.5435387553473]
["G","A",-0.030913,0.0043074,0.068853,344264,"rs2756172","exposure",true,{"v":7.14041640673865e-13,"d":"7.14E-13"},"inferred","l4cvKo","textfile",0.00012253309958271,42.1886594357509]
["T","C",0.03717,0.0023576,0.69385,344264,"rs1317983","exposure",true,{"v":5.32935582175345e-56,"d":"5.33E-56"},"inferred","l4cvKo","textfile",0.00058696874198276,202.189712093418]
["T","A",0.021919,0.0022568,0.37554,344264,"rs2661503","exposure",true,{"v":2.66910858738689e-22,"d":"2.67E-22"},"inferred","l4cvKo","textfile",0.000225336889766118,77.5924127776282]
["G","A",0.017482,0.0022066,0.57158,344264,"rs9370162","exposure",true,{"v":2.32602659679111e-15,"d":"2.33E-15"},"inferred","l4cvKo","textfile",0.000149678350492309,51.5362821628879]
["A","T",0.029313,0.0042718,0.070385,344264,"rs72868839","exposure",true,{"v":6.79132599072597e-12,"d":"6.79E-12"},"inferred","l4cvKo","textfile",0.000112443348292426,38.7143251381924]
["G","T",-0.016851,0.0028822,0.17353,344264,"rs9361669","exposure",true,{"v":5.01795773088469e-9,"d":"5.02E-09"},"inferred","l4cvKo","textfile",{"v":8.14484855367295e-5,"d":"8.14E-05"},28.0419024983356]
["T","G",0.029726,0.0022232,0.41797,344264,"rs9361858","exposure",true,{"v":8.95519776358683e-41,"d":"8.96E-41"},"inferred","l4cvKo","textfile",0.000429925716938261,148.070746586483]
["G","A",-0.012196,0.0022153,0.5358,344264,"rs9444543","exposure",true,{"v":3.6843730199763e-8,"d":"3.68E-08"},"inferred","l4cvKo","textfile",{"v":7.39899395399155e-5,"d":"7.40E-05"},25.4738093715056]
["C","T",-0.01833,0.0024872,0.7376,344264,"rs854917","exposure",true,{"v":1.70970063292238e-13,"d":"1.71E-13"},"inferred","l4cvKo","textfile",0.000130058776553472,44.780118581288]
["T","C",0.024988,0.0040557,0.078204,344264,"rs7766720","exposure",true,{"v":7.21933600543204e-10,"d":"7.22E-10"},"inferred","l4cvKo","textfile",{"v":9.00236829801219e-5,"d":"9.00E-05"},30.9945233912506]
["G","A",0.015881,0.0022234,0.40022,344264,"rs4946137","exposure",true,{"v":9.15389393400882e-13,"d":"9.15E-13"},"inferred","l4cvKo","textfile",0.000121081127008612,41.6886786584341]
["A","G",-0.028745,0.0051025,0.047971,344264,"rs113404390","exposure",true,{"v":1.76575217120764e-8,"d":"1.77E-08"},"inferred","l4cvKo","textfile",{"v":7.54716024428946e-5,"d":"7.55E-05"},25.9839658517364]
["C","T",-0.017963,0.0031467,0.14109,344264,"rs113243210","exposure",true,{"v":1.13962763618133e-8,"d":"1.14E-08"},"inferred","l4cvKo","textfile",{"v":7.82044791698278e-5,"d":"7.82E-05"},26.9249360585644]
["A","C",-0.020527,0.0033135,0.13224,344264,"rs146828372","exposure",true,{"v":5.82998294718656e-10,"d":"5.83E-10"},"inferred","l4cvKo","textfile",{"v":9.67037750338987e-5,"d":"9.67E-05"},33.2946547195199]
["C","T",-0.019116,0.0030849,0.85226,344264,"rs1554447","exposure",true,{"v":5.76829743552925e-10,"d":"5.77E-10"},"inferred","l4cvKo","textfile",{"v":9.20225449399587e-5,"d":"9.20E-05"},31.6827808962489]
["G","T",0.038142,0.0024318,0.69191,344264,"rs62435145","exposure",true,{"v":1.92536936021389e-55,"d":"1.93E-55"},"inferred","l4cvKo","textfile",0.000620246223821427,213.659727144156]
["A","G",0.032435,0.0047058,0.056625,344264,"rs17643734","exposure",true,{"v":5.47978915210679e-12,"d":"5.48E-12"},"inferred","l4cvKo","textfile",0.000112395876442718,38.6979787091565]
["G","C",0.022744,0.0026169,0.25625,344264,"rs73089698","exposure",true,{"v":3.58632603044543e-18,"d":"3.59E-18"},"inferred","l4cvKo","textfile",0.000197176222355,67.8936676772914]
["G","A",-0.017071,0.0029141,0.83028,344264,"rs13246488","exposure",true,{"v":4.68279006932937e-9,"d":"4.68E-09"},"inferred","l4cvKo","textfile",{"v":8.21306991981408e-5,"d":"8.21E-05"},28.2768011608008]
["C","A",0.027171,0.0022517,0.6289,344264,"rs700750","exposure",true,{"v":1.58006842050985e-33,"d":"1.58E-33"},"inferred","l4cvKo","textfile",0.000344598822931009,118.673174616161]
["T","C",0.028095,0.0038789,0.086694,344264,"rs60767324","exposure",true,{"v":4.38760683171307e-13,"d":"4.39E-13"},"inferred","l4cvKo","textfile",0.000124995224456239,43.0364853168957]
["T","C",0.019719,0.0024119,0.30637,344264,"rs35624969","exposure",true,{"v":2.94123554091971e-16,"d":"2.94E-16"},"inferred","l4cvKo","textfile",0.000165262331205983,56.9029445789077]
["A","G",0.029108,0.0023965,0.29015,344264,"rs10953356","exposure",true,{"v":6.02074063565161e-34,"d":"6.02E-34"},"inferred","l4cvKo","textfile",0.000349014837041459,120.194495491824]
["A","G",-0.022628,0.0025946,0.22824,344264,"rs2237668","exposure",true,{"v":2.75292638113734e-18,"d":"2.75E-18"},"inferred","l4cvKo","textfile",0.000180383313356239,62.1103238886621]
["G","C",-0.023261,0.0025231,0.24921,344264,"rs12536253","exposure",true,{"v":2.99284673976296e-20,"d":"2.99E-20"},"inferred","l4cvKo","textfile",0.000202474671450692,69.7184515635326]
["T","C",0.036287,0.0021887,0.4544,344264,"rs3757387","exposure",true,{"v":9.84531478006493e-62,"d":"9.85E-62"},"inferred","l4cvKo","textfile",0.000652897205040312,224.914543678529]
["C","A",-0.017802,0.0024964,0.27617,344264,"rs7459014","exposure",true,{"v":9.95925632950703e-13,"d":"9.96E-13"},"inferred","l4cvKo","textfile",0.000126701182453318,43.6239296772174]
["C","T",-0.014753,0.0024312,0.27933,344264,"rs113367286","exposure",true,{"v":1.29354360020567e-9,"d":"1.29E-09"},"inferred","l4cvKo","textfile",{"v":8.76283643868177e-5,"d":"8.76E-05"},30.1697597072317]
["T","C",0.049884,0.002403,0.28718,344264,"rs10265221","exposure",true,{"v":1.01551903744435e-95,"d":"1.02E-95"},"inferred","l4cvKo","textfile",0.00101879452966789,351.089930873523]
["T","C",0.028407,0.0022693,0.63674,344264,"rs288762","exposure",true,{"v":5.95481532865257e-36,"d":"5.95E-36"},"inferred","l4cvKo","textfile",0.000373302114496993,128.561724904714]
["A","G",0.029085,0.00393,0.915454,344264,"rs2177556","exposure",true,{"v":1.35403841720055e-13,"d":"1.35E-13"},"inferred","l4cvKo","textfile",0.000130947654496107,45.0862053649814]
["A","G",0.018075,0.0023437,0.68167,344264,"rs849089","exposure",true,{"v":1.23701515164761e-14,"d":"1.24E-14"},"inferred","l4cvKo","textfile",0.000141787634857865,48.81901668435]
["C","G",-0.017062,0.0025445,0.24287,344264,"rs11776987","exposure",true,{"v":2.00796107181037e-11,"d":"2.01E-11"},"inferred","l4cvKo","textfile",0.000107061715604876,36.8612267637423]
["C","T",0.017625,0.0023705,0.66553,344264,"rs4358800","exposure",true,{"v":1.04457062062481e-13,"d":"1.04E-13"},"inferred","l4cvKo","textfile",0.000138297093860222,47.617019421912]
["C","T",0.042937,0.002207,0.41516,344264,"rs10109414","exposure",true,{"v":2.64785567616683e-84,"d":"2.65E-84"},"inferred","l4cvKo","textfile",0.000895253363933062,308.477879433586]
["C","T",-0.014268,0.00253,0.2442,344264,"rs2306899","exposure",true,{"v":1.70519209745122e-8,"d":"1.71E-08"},"inferred","l4cvKo","textfile",{"v":7.51464976393613e-5,"d":"7.51E-05"},25.872027762595]
["C","T",0.0296,0.0043616,0.066782,344264,"rs11557049","exposure",true,{"v":1.1488621241151e-11,"d":"1.15E-11"},"inferred","l4cvKo","textfile",0.000109208375254584,37.6003999604823]
["C","T",-0.02128,0.0038047,0.0916,344264,"rs13281719","exposure",true,{"v":2.23073560035606e-8,"d":"2.23E-08"},"inferred","l4cvKo","textfile",{"v":7.5360859348992e-5,"d":"7.54E-05"},25.9458354616596]
["C","T",-0.021271,0.0027811,0.81015,344264,"rs10092747","exposure",true,{"v":2.03475599247264e-14,"d":"2.03E-14"},"inferred","l4cvKo","textfile",0.000139181607667279,47.9216084252555]
["A","G",-0.015702,0.0024301,0.28718,344264,"rs6470361","exposure",true,{"v":1.03695860661853e-10,"d":"1.04E-10"},"inferred","l4cvKo","textfile",0.000100942489032048,34.7541713317093]
["G","T",-0.018282,0.0030038,0.15586,344264,"rs9297867","exposure",true,{"v":1.15556549343909e-9,"d":"1.16E-09"},"inferred","l4cvKo","textfile",{"v":8.79481192892129e-5,"d":"8.79E-05"},30.2798584993504]
["T","C",0.013601,0.0024759,0.26122,344264,"rs10810065","exposure",true,{"v":3.94366794792483e-8,"d":"3.94E-08"},"inferred","l4cvKo","textfile",{"v":7.13991812847113e-5,"d":"7.14E-05"},24.5817800664085]
["C","T",-0.018978,0.0028413,0.18342,344264,"rs498010","exposure",true,{"v":2.40025764903773e-11,"d":"2.40E-11"},"inferred","l4cvKo","textfile",0.000107888786466217,37.1460170451339]
["T","C",-0.013656,0.0022005,0.462,344264,"rs1999032","exposure",true,{"v":5.43977929440107e-10,"d":"5.44E-10"},"inferred","l4cvKo","textfile",{"v":9.2704595461632e-5,"d":"9.27E-05"},31.917628353637]
["T","C",-0.012419,0.0022299,0.40114,344264,"rs11795343","exposure",true,{"v":2.55752981470765e-8,"d":"2.56E-08"},"inferred","l4cvKo","textfile",{"v":7.41010779931426e-5,"d":"7.41E-05"},25.5120757843927]
["A","G",0.024172,0.0038298,0.8958,344264,"rs1158127","exposure",true,{"v":2.76242485639218e-10,"d":"2.76E-10"},"inferred","l4cvKo","textfile",0.000109077190649076,37.5552282260214]
["G","A",-0.023416,0.0022455,0.62167,344264,"rs10746942","exposure",true,{"v":1.8479975739245e-25,"d":"1.85E-25"},"inferred","l4cvKo","textfile",0.000257920644289658,88.8151841139556]
["G","T",-0.034936,0.0048827,0.053345,344264,"rs78040893","exposure",true,{"v":8.36377640342252e-13,"d":"8.36E-13"},"inferred","l4cvKo","textfile",0.00012327125175277,42.4428396528839]
["T","C",0.015845,0.0023363,0.31876,344264,"rs12551019","exposure",true,{"v":1.18448541949263e-11,"d":"1.18E-11"},"inferred","l4cvKo","textfile",0.00010903814164639,37.5417822056354]
["T","C",-0.073664,0.013179,0.0074576,344264,"rs183342753","exposure",true,{"v":2.27726406569677e-8,"d":"2.28E-08"},"inferred","l4cvKo","textfile",{"v":8.03320305509315e-5,"d":"8.03E-05"},27.6574872836382]
["T","A",-0.016928,0.002261,0.6272,344264,"rs561222","exposure",true,{"v":7.04911047084602e-14,"d":"7.05E-14"},"inferred","l4cvKo","textfile",0.000134005693224059,46.1392508830004]
["C","T",-0.013792,0.0021909,0.52824,344264,"rs4836732","exposure",true,{"v":3.07142628855866e-10,"d":"3.07E-10"},"inferred","l4cvKo","textfile",{"v":9.48062331869725e-5,"d":"9.48E-05"},32.6412780460315]
["C","T",-0.036863,0.0055453,0.042274,344264,"rs141350020","exposure",true,{"v":2.97887332088167e-11,"d":"2.98E-11"},"inferred","l4cvKo","textfile",0.000110033763866156,37.8846122025639]
["A","T",-0.020523,0.0029325,0.83454,344264,"rs28542318","exposure",true,{"v":2.58781113613537e-12,"d":"2.59E-12"},"inferred","l4cvKo","textfile",0.000116319322358124,40.0489810239864]
["A","T",0.050423,0.0039533,0.083806,344264,"rs80282103","exposure",true,{"v":2.93650693226354e-37,"d":"2.94E-37"},"inferred","l4cvKo","textfile",0.000390436053170534,134.464796441007]
["A","G",-0.01596,0.0027098,0.2035,344264,"rs7919595","exposure",true,{"v":3.86818760858328e-9,"d":"3.87E-09"},"inferred","l4cvKo","textfile",{"v":8.25745020408e-5,"d":"8.26E-05"},28.4296107825235]
["T","C",-0.016123,0.0021881,0.51909,344264,"rs1265842","exposure",true,{"v":1.7256731607758e-13,"d":"1.73E-13"},"inferred","l4cvKo","textfile",0.000129786097507931,44.686221150531]
["C","T",-0.024662,0.0028737,0.17899,344264,"rs10821907","exposure",true,{"v":9.32639949047628e-18,"d":"9.33E-18"},"inferred","l4cvKo","textfile",0.000178757304575456,61.5503497623749]
["G","A",-0.018316,0.0022286,0.60142,344264,"rs224143","exposure",true,{"v":2.05870923444992e-16,"d":"2.06E-16"},"inferred","l4cvKo","textfile",0.00016083650768676,55.378804742814]
["A","G",-0.017783,0.002209,0.42213,344264,"rs11000980","exposure",true,{"v":8.2625773648812e-16,"d":"8.26E-16"},"inferred","l4cvKo","textfile",0.000154282411743512,53.1217673860333]
["A","G",-0.01355,0.0021937,0.44093,344264,"rs1556894","exposure",true,{"v":6.54225660816218e-10,"d":"6.54E-10"},"inferred","l4cvKo","textfile",{"v":9.05199744823955e-5,"d":"9.05E-05"},31.1654085472449]
["G","A",0.019678,0.0021867,0.44894,344264,"rs2068888","exposure",true,{"v":2.27890428905697e-19,"d":"2.28E-19"},"inferred","l4cvKo","textfile",0.000191592761989929,65.9707469457949]
["G","A",-0.033483,0.0059615,0.034524,344264,"rs117081694","exposure",true,{"v":1.9481977248887e-8,"d":"1.95E-08"},"inferred","l4cvKo","textfile",{"v":7.47379724472981e-5,"d":"7.47E-05"},25.7313669808482]
["A","G",0.012007,0.0021819,0.50025,344264,"rs1681725","exposure",true,{"v":3.73378245763555e-8,"d":"3.73E-08"},"inferred","l4cvKo","textfile",{"v":7.20840064789939e-5,"d":"7.21E-05"},24.8175731885779]
["G","C",-0.035034,0.0024628,0.26836,344264,"rs12247543","exposure",true,{"v":6.38555421575639e-46,"d":"6.39E-46"},"inferred","l4cvKo","textfile",0.000481975176678313,166.005748923797]
["C","T",0.014329,0.0022308,0.6083,344264,"rs7911018","exposure",true,{"v":1.33389680066013e-10,"d":"1.33E-10"},"inferred","l4cvKo","textfile",{"v":9.7843763457075e-5,"d":"9.78E-05"},33.6871857762962]
["G","C",-0.027453,0.0025913,0.23768,344264,"rs3842761","exposure",true,{"v":3.16713992471381e-26,"d":"3.17E-26"},"inferred","l4cvKo","textfile",0.000273111236524553,94.0475059390549]
["C","T",-0.021473,0.0031097,0.14443,344264,"rs28730759","exposure",true,{"v":5.01441549382879e-12,"d":"5.01E-12"},"inferred","l4cvKo","textfile",0.000113953692662791,39.2343970479009]
["T","C",-0.014097,0.0022124,0.58767,344264,"rs410335","exposure",true,{"v":1.86806071279802e-10,"d":"1.87E-10"},"inferred","l4cvKo","textfile",{"v":9.63078860265234e-5,"d":"9.63E-05"},33.1583388687836]
["C","A",-0.015869,0.0027949,0.19185,344264,"rs77413369","exposure",true,{"v":1.36404789995687e-8,"d":"1.36E-08"},"inferred","l4cvKo","textfile",{"v":7.8087747731907e-5,"d":"7.81E-05"},26.8847435787562]
["G","A",0.09496,0.0098633,0.013799,344264,"rs148185902","exposure",true,{"v":6.11351684278681e-22,"d":"6.11E-22"},"inferred","l4cvKo","textfile",0.000245428199177926,84.5123444178898]
["T","C",-0.035187,0.0021817,0.45458,344264,"rs3925584","exposure",true,{"v":1.61536664821685e-58,"d":"1.62E-58"},"inferred","l4cvKo","textfile",0.000613954039317405,211.490891170401]
["C","T",-0.041136,0.0052193,0.045368,344264,"rs62618693","exposure",true,{"v":3.23430933103209e-15,"d":"3.23E-15"},"inferred","l4cvKo","textfile",0.000146574943921606,50.4675806271404]
["C","T",0.01682,0.0023966,0.70887,344264,"rs3740685","exposure",true,{"v":2.24622680756517e-12,"d":"2.25E-12"},"inferred","l4cvKo","textfile",0.000116771144268393,40.2045624008818]
["T","C",-0.018624,0.0022888,0.34658,344264,"rs102274","exposure",true,{"v":4.05142439746063e-16,"d":"4.05E-16"},"inferred","l4cvKo","textfile",0.000157098429080794,54.0915170845729]
["G","A",0.029694,0.0022869,0.3449,344264,"rs11227279","exposure",true,{"v":1.50029998988913e-38,"d":"1.50E-38"},"inferred","l4cvKo","textfile",0.000398444831670095,137.224090870198]
["A","G",-0.01552,0.0023188,0.32401,344264,"rs10160464","exposure",true,{"v":2.18466132994092e-11,"d":"2.18E-11"},"inferred","l4cvKo","textfile",0.000105514492658642,36.3284634510395]
["A","G",0.018914,0.0021819,0.46442,344264,"rs7944897","exposure",true,{"v":4.3749816154845e-18,"d":"4.37E-18"},"inferred","l4cvKo","textfile",0.000177963947353779,61.2771295637664]
["G","A",-0.019056,0.0022424,0.38619,344264,"rs7952141","exposure",true,{"v":1.92822299062422e-17,"d":"1.93E-17"},"inferred","l4cvKo","textfile",0.000172158498976643,59.2778343576827]
["A","T",-0.033047,0.0053114,0.044182,344264,"rs61332283","exposure",true,{"v":4.91169871199708e-10,"d":"4.91E-10"},"inferred","l4cvKo","textfile",{"v":9.22390141950857e-5,"d":"9.22E-05"},31.7573167684208]
["C","T",-0.035513,0.006195,0.031826,344264,"rs76433917","exposure",true,{"v":9.89457266437072e-9,"d":"9.89E-09"},"inferred","l4cvKo","textfile",{"v":7.77213243853382e-5,"d":"7.77E-05"},26.7585782876885]
["G","A",0.015505,0.0028433,0.17896,344264,"rs7305251","exposure",true,{"v":4.94795545064276e-8,"d":"4.95E-08"},"inferred","l4cvKo","textfile",{"v":7.06470161665699e-5,"d":"7.06E-05"},24.3228014128803]
["A","C",-0.030763,0.0038796,0.087018,344264,"rs11616030","exposure",true,{"v":2.20161608495894e-15,"d":"2.20E-15"},"inferred","l4cvKo","textfile",0.000150369127303893,51.7741617394103]
["T","G",-0.029786,0.0027174,0.202,344264,"rs10846156","exposure",true,{"v":5.87072029565856e-28,"d":"5.87E-28"},"inferred","l4cvKo","textfile",0.000286028050984032,98.4967617246492]
["C","G",-0.022437,0.002819,0.18295,344264,"rs4149067","exposure",true,{"v":1.73147613401067e-15,"d":"1.73E-15"},"inferred","l4cvKo","textfile",0.000150501427668589,51.8197214341009]
["G","A",-0.020487,0.0029014,0.17388,344264,"rs4898541","exposure",true,{"v":1.65220615573742e-12,"d":"1.65E-12"},"inferred","l4cvKo","textfile",0.000120581171364252,41.5165213269728]
["T","A",-0.029609,0.0027127,0.2031,344264,"rs11172134","exposure",true,{"v":9.77770879531088e-28,"d":"9.78E-28"},"inferred","l4cvKo","textfile",0.000283786169400147,97.7245271192411]
["A","T",0.013215,0.0021969,0.54214,344264,"rs6581475","exposure",true,{"v":1.79560204098474e-9,"d":"1.80E-09"},"inferred","l4cvKo","textfile",{"v":8.6697881608448e-5,"d":"8.67E-05"},29.8493739957803]
["C","T",-0.012979,0.0022043,0.44921,344264,"rs10437886","exposure",true,{"v":3.90809593925462e-9,"d":"3.91E-09"},"inferred","l4cvKo","textfile",{"v":8.33581222284887e-5,"d":"8.34E-05"},28.6994262049015]
["G","A",0.016002,0.0021947,0.55011,344264,"rs11115974","exposure",true,{"v":3.07202827102217e-13,"d":"3.07E-13"},"inferred","l4cvKo","textfile",0.000126746042375163,43.639377158505]
["T","C",-0.017228,0.0030222,0.16208,344264,"rs73232580","exposure",true,{"v":1.19468382480983e-8,"d":"1.19E-08"},"inferred","l4cvKo","textfile",{"v":8.06179418236264e-5,"d":"8.06E-05"},27.7559315141574]
["T","C",-0.060787,0.0021757,0.51795,344264,"rs3184504","exposure",true,{"v":8.95462543919632e-172,"d":"8.95E-172"},"inferred","l4cvKo","textfile",0.00184514856976732,636.388768751715]
["C","A",-0.048099,0.0075168,0.021322,344264,"rs78691875","exposure",true,{"v":1.56534586903075e-10,"d":"1.57E-10"},"inferred","l4cvKo","textfile",{"v":9.65539076873427e-5,"d":"9.66E-05"},33.2430511147485]
["G","A",0.031686,0.0024021,0.29077,344264,"rs1169300","exposure",true,{"v":9.89202329579997e-40,"d":"9.89E-40"},"inferred","l4cvKo","textfile",0.000414096467365614,142.616735134428]
["C","T",0.024758,0.0038064,0.090368,344264,"rs12367963","exposure",true,{"v":7.80515570169141e-11,"d":"7.81E-11"},"inferred","l4cvKo","textfile",0.000100772379517144,34.6955972752273]
["T","C",0.073398,0.0099401,0.013134,344264,"rs76428106","exposure",true,{"v":1.53568426183148e-13,"d":"1.54E-13"},"inferred","l4cvKo","textfile",0.000139654085915906,48.0843100959549]
["C","G",-0.019784,0.0024464,0.72991,344264,"rs9534949","exposure",true,{"v":6.11598167876648e-16,"d":"6.12E-16"},"inferred","l4cvKo","textfile",0.000154324905925529,53.1364010338252]
["G","A",-0.058837,0.0042428,0.070933,344264,"rs118081390","exposure",true,{"v":9.97007233012673e-44,"d":"9.97E-44"},"inferred","l4cvKo","textfile",0.000456274711822125,157.149748297426]
["T","C",-0.025128,0.0043553,0.067322,344264,"rs9591325","exposure",true,{"v":7.94966097167694e-9,"d":"7.95E-09"},"inferred","l4cvKo","textfile",{"v":7.92929516679176e-5,"d":"7.93E-05"},27.299714802067]
["T","A",-0.026999,0.0022293,0.39324,344264,"rs303937","exposure",true,{"v":9.23876260129455e-34,"d":"9.24E-34"},"inferred","l4cvKo","textfile",0.000347856388327745,119.795407556297]
["A","G",-0.02505,0.0024132,0.71057,344264,"rs7490694","exposure",true,{"v":3.04471949450076e-25,"d":"3.04E-25"},"inferred","l4cvKo","textfile",0.000258104673551876,88.8785711008955]
["G","C",0.015511,0.0021857,0.49578,344264,"rs6492795","exposure",true,{"v":1.27879779180563e-12,"d":"1.28E-12"},"inferred","l4cvKo","textfile",0.000120286991414162,41.4152219506693]
["A","C",0.013024,0.0023231,0.66913,344264,"rs4771989","exposure",true,{"v":2.06695272317083e-8,"d":"2.07E-08"},"inferred","l4cvKo","textfile",{"v":7.51080806286785e-5,"d":"7.51E-05"},25.8588002582449]
["T","C",-0.017166,0.003086,0.17284,344264,"rs1135498","exposure",true,{"v":2.65875291951866e-8,"d":"2.66E-08"},"inferred","l4cvKo","textfile",{"v":8.42562244265287e-5,"d":"8.43E-05"},29.0086604937345]
["C","T",0.014519,0.0022237,0.59234,344264,"rs4981832","exposure",true,{"v":6.61183438705318e-11,"d":"6.61E-11"},"inferred","l4cvKo","textfile",0.000101805810857429,35.0514404977218]
["G","T",0.016396,0.0024043,0.28825,344264,"rs7145592","exposure",true,{"v":9.1390675499596e-12,"d":"9.14E-12"},"inferred","l4cvKo","textfile",0.000110306881492782,37.9786569436789]
["T","C",0.021082,0.0028217,0.18161,344264,"rs11629006","exposure",true,{"v":7.93566107143721e-14,"d":"7.94E-14"},"inferred","l4cvKo","textfile",0.000132115473655376,45.4883469060443]
["C","T",-0.017671,0.0025732,0.23684,344264,"rs12883201","exposure",true,{"v":6.54170470649725e-12,"d":"6.54E-12"},"inferred","l4cvKo","textfile",0.000112881533623568,38.8652096927914]
["C","T",0.06711,0.007725,0.020295,344264,"rs28929474","exposure",true,{"v":3.70898298721146e-18,"d":"3.71E-18"},"inferred","l4cvKo","textfile",0.000179097223631387,61.6674128642211]
["C","A",-0.018895,0.002199,0.4282,344264,"rs7161833","exposure",true,{"v":8.50660099115401e-18,"d":"8.51E-18"},"inferred","l4cvKo","textfile",0.000174829454362158,60.1976619420164]
["G","A",0.019377,0.0023383,0.31722,344264,"rs13329240","exposure",true,{"v":1.16346236535211e-16,"d":"1.16E-16"},"inferred","l4cvKo","textfile",0.000162646389198017,56.0020797741507]
["C","T",0.024118,0.0021916,0.46143,344264,"rs1585499","exposure",true,{"v":3.62538564063805e-28,"d":"3.63E-28"},"inferred","l4cvKo","textfile",0.000289108301605838,99.5577851095936]
["G","C",-0.021215,0.0025319,0.24644,344264,"rs7168958","exposure",true,{"v":5.3341694214457e-17,"d":"5.33E-17"},"inferred","l4cvKo","textfile",0.00016716490484191,57.5581461727134]
["T","A",0.018032,0.0023508,0.31803,344264,"rs1908188","exposure",true,{"v":1.71220032302187e-14,"d":"1.71E-14"},"inferred","l4cvKo","textfile",0.000141042875222817,48.5625517118789]
["C","T",0.013977,0.0022462,0.62092,344264,"rs340029","exposure",true,{"v":4.89266311452864e-10,"d":"4.89E-10"},"inferred","l4cvKo","textfile",{"v":9.19653963220613e-5,"d":"9.20E-05"},31.6631031784581]
["T","C",-0.022738,0.0022831,0.64736,344264,"rs11071726","exposure",true,{"v":2.29752860806308e-23,"d":"2.30E-23"},"inferred","l4cvKo","textfile",0.000236054320585692,81.283719886744]
["T","C",0.019662,0.0024295,0.71846,344264,"rs16956623","exposure",true,{"v":5.82017472489028e-16,"d":"5.82E-16"},"inferred","l4cvKo","textfile",0.000156396878006451,53.8499239762475]
["A","G",-0.015297,0.0025479,0.24083,344264,"rs72747610","exposure",true,{"v":1.92790352241539e-9,"d":"1.93E-09"},"inferred","l4cvKo","textfile",{"v":8.55642114944764e-5,"d":"8.56E-05"},29.4590272159466]
["A","G",0.036759,0.0021766,0.51212,344264,"rs11072567","exposure",true,{"v":5.4892608792537e-64,"d":"5.49E-64"},"inferred","l4cvKo","textfile",0.000675215065998712,232.607949442783]
["T","C",0.01359,0.0024427,0.2744,344264,"rs8023580","exposure",true,{"v":2.64392940176168e-8,"d":"2.64E-08"},"inferred","l4cvKo","textfile",{"v":7.3544515325568e-5,"d":"7.35E-05"},25.3204441148009]
["C","T",-0.037437,0.0022723,0.64051,344264,"rs4966019","exposure",true,{"v":5.51433919030324e-61,"d":"5.51E-61"},"inferred","l4cvKo","textfile",0.000645423543166284,222.338302192294]
["A","G",0.016935,0.0027174,0.20135,344264,"rs12596890","exposure",true,{"v":4.60340914351202e-10,"d":"4.60E-10"},"inferred","l4cvKo","textfile",{"v":9.22377132795499e-5,"d":"9.22E-05"},31.7568688300062]
["G","A",0.013381,0.0023633,0.32847,344264,"rs8058761","exposure",true,{"v":1.49620521987186e-8,"d":"1.50E-08"},"inferred","l4cvKo","textfile",{"v":7.898930028457e-5,"d":"7.90E-05"},27.1951626214332]
["A","G",-0.013264,0.0022107,0.58874,344264,"rs1700820","exposure",true,{"v":1.97427494759176e-9,"d":"1.97E-09"},"inferred","l4cvKo","textfile",{"v":8.5195967024634e-5,"d":"8.52E-05"},29.332232987789]
["G","A",-0.060399,0.002756,0.19766,344264,"rs77924615","exposure",true,{"v":1.85027291738256e-106,"d":"1.85E-106"},"inferred","l4cvKo","textfile",0.00115708889983669,398.803189579462]
["A","G",0.015697,0.0021861,0.52521,344264,"rs9930127","exposure",true,{"v":6.95246042061832e-13,"d":"6.95E-13"},"inferred","l4cvKo","textfile",0.000122884713694651,42.3097365258073]
["T","G",0.025378,0.0029346,0.16689,344264,"rs728538","exposure",true,{"v":5.24757103923353e-18,"d":"5.25E-18"},"inferred","l4cvKo","textfile",0.000179092518523047,61.6657924938655]
["C","T",-0.01596,0.0021834,0.51837,344264,"rs35490232","exposure",true,{"v":2.67738539269513e-13,"d":"2.68E-13"},"inferred","l4cvKo","textfile",0.000127188884877002,43.7918697246034]
["T","C",0.025302,0.0024429,0.28949,344264,"rs60385825","exposure",true,{"v":3.87501309531223e-25,"d":"3.88E-25"},"inferred","l4cvKo","textfile",0.000263356146867942,90.6873969164729]
["A","G",0.020617,0.0022303,0.3935,344264,"rs62033400","exposure",true,{"v":2.37344302673555e-20,"d":"2.37E-20"},"inferred","l4cvKo","textfile",0.00020288805530038,69.8608216200594]
["C","T",-0.035337,0.0062665,0.031964,344264,"rs111622274","exposure",true,{"v":1.71007811610367e-8,"d":"1.71E-08"},"inferred","l4cvKo","textfile",{"v":7.72755276391263e-5,"d":"7.73E-05"},26.6050836179754]
["T","A",0.024072,0.0021975,0.55969,344264,"rs6499244","exposure",true,{"v":6.33900243075405e-28,"d":"6.34E-28"},"inferred","l4cvKo","textfile",0.00028560147201485,98.3498228129441]
["G","A",0.023697,0.0023387,0.31579,344264,"rs17767383","exposure",true,{"v":3.96171215063489e-24,"d":"3.96E-24"},"inferred","l4cvKo","textfile",0.000242663536899116,83.5601115321716]
["G","A",-0.018928,0.0025725,0.23425,344264,"rs11645023","exposure",true,{"v":1.86933498594196e-13,"d":"1.87E-13"},"inferred","l4cvKo","textfile",0.000128530458053088,44.2538405166644]
["A","G",-0.052325,0.0055974,0.040136,344264,"rs141262170","exposure",true,{"v":8.92445601057081e-21,"d":"8.92E-21"},"inferred","l4cvKo","textfile",0.000210956184222995,72.6395216492877]
["A","G",-0.015621,0.0022367,0.589,344264,"rs7502669","exposure",true,{"v":2.86995121546493e-12,"d":"2.87E-12"},"inferred","l4cvKo","textfile",0.000118142124715278,40.6766497645605]
["C","G",-0.016863,0.002418,0.30461,344264,"rs4924843","exposure",true,{"v":3.08173705773605e-12,"d":"3.08E-12"},"inferred","l4cvKo","textfile",0.000120468158969074,41.4776060738536]
["T","C",-0.016792,0.0022976,0.66085,344264,"rs569502","exposure",true,{"v":2.70149343430824e-13,"d":"2.70E-13"},"inferred","l4cvKo","textfile",0.000126394903467108,43.5184627692941]
["G","A",-0.01226,0.0022317,0.60667,344264,"rs4968248","exposure",true,{"v":3.93889045448938e-8,"d":"3.94E-08"},"inferred","l4cvKo","textfile",{"v":7.17332532836287e-5,"d":"7.17E-05"},24.6968048240843]
["G","A",-0.020053,0.0024158,0.28479,344264,"rs7207304","exposure",true,{"v":1.03438833973003e-16,"d":"1.03E-16"},"inferred","l4cvKo","textfile",0.000163812491961413,56.4036557310209]
["T","C",0.036362,0.0025592,0.23677,344264,"rs9905543","exposure",true,{"v":8.13232312376043e-46,"d":"8.13E-46"},"inferred","l4cvKo","textfile",0.000477867645802046,164.590323869693]
["G","A",0.029439,0.0026418,0.78196,344264,"rs11651885","exposure",true,{"v":7.69980121282242e-29,"d":"7.70E-29"},"inferred","l4cvKo","textfile",0.000295526761122108,101.768709214437]
["C","T",-0.017739,0.0024701,0.73573,344264,"rs1000423","exposure",true,{"v":6.89554120784394e-13,"d":"6.90E-13"},"inferred","l4cvKo","textfile",0.000122364261348573,42.1305206104173]
["G","A",-0.012778,0.0021882,0.45009,344264,"rs9747093","exposure",true,{"v":5.23568405870118e-9,"d":"5.24E-09"},"inferred","l4cvKo","textfile",{"v":8.082519192602e-5,"d":"8.08E-05"},27.8272913690012]
["G","T",0.016119,0.0022269,0.60183,344264,"rs151245","exposure",true,{"v":4.54298863664387e-13,"d":"4.54E-13"},"inferred","l4cvKo","textfile",0.000124522707221278,42.8737749919424]
["T","C",-0.01318,0.0022541,0.37514,344264,"rs2161796","exposure",true,{"v":5.00147626655477e-9,"d":"5.00E-09"},"inferred","l4cvKo","textfile",{"v":8.14398405584739e-5,"d":"8.14E-05"},28.0389258759941]
["C","T",0.014345,0.0023728,0.30274,344264,"rs11082431","exposure",true,{"v":1.48854863431986e-9,"d":"1.49E-09"},"inferred","l4cvKo","textfile",{"v":8.68751683095838e-5,"d":"8.69E-05"},29.9104176651628]
["G","A",-0.048347,0.0069048,0.025525,344264,"rs17597926","exposure",true,{"v":2.5244097283088e-12,"d":"2.52E-12"},"inferred","l4cvKo","textfile",0.000116280130257112,40.0354855340467]
["G","A",0.020164,0.0025634,0.24697,344264,"rs68033110","exposure",true,{"v":3.65823352346834e-15,"d":"3.66E-15"},"inferred","l4cvKo","textfile",0.000151230662037853,52.0708448828199]
["A","C",0.024593,0.0022121,0.48835,344264,"rs56376587","exposure",true,{"v":1.03132526410485e-28,"d":"1.03E-28"},"inferred","l4cvKo","textfile",0.000302243650316157,104.082461808332]
["T","G",-0.018692,0.0026991,0.20664,344264,"rs7258309","exposure",true,{"v":4.35140516538068e-12,"d":"4.35E-12"},"inferred","l4cvKo","textfile",0.000114558213877477,39.4425582949171]
["C","G",-0.015701,0.0023168,0.33097,344264,"rs2241358","exposure",true,{"v":1.22679887138246e-11,"d":"1.23E-11"},"inferred","l4cvKo","textfile",0.000109173905134327,37.5885306160294]
["G","C",0.025481,0.0042536,0.070942,344264,"rs73001065","exposure",true,{"v":2.09254585993623e-9,"d":"2.09E-09"},"inferred","l4cvKo","textfile",{"v":8.55872725367354e-5,"d":"8.56E-05"},29.4669676154297]
["T","C",0.030022,0.0023005,0.66112,344264,"rs8101667","exposure",true,{"v":6.33754108127108e-39,"d":"6.34E-39"},"inferred","l4cvKo","textfile",0.000403864305463439,139.091307541771]
["G","T",0.013809,0.0024676,0.26861,344264,"rs55887858","exposure",true,{"v":2.19194691493165e-8,"d":"2.19E-08"},"inferred","l4cvKo","textfile",{"v":7.49248099222689e-5,"d":"7.49E-05"},25.7956976512035]
["C","T",-0.029713,0.0028907,0.17175,344264,"rs6857","exposure",true,{"v":8.77911487242735e-25,"d":"8.78E-25"},"inferred","l4cvKo","textfile",0.00025117776507218,86.4926847985416]
["T","C",-0.019174,0.0023323,0.4839,344264,"rs1698113","exposure",true,{"v":2.01696618081831e-16,"d":"2.02E-16"},"inferred","l4cvKo","textfile",0.000183630544891276,63.2286293530213]
["A","G",-0.01456,0.0025837,0.75688,344264,"rs3729965","exposure",true,{"v":1.74724261874764e-8,"d":"1.75E-08"},"inferred","l4cvKo","textfile",{"v":7.80190148522803e-5,"d":"7.80E-05"},26.8610777659009]
["G","T",-0.014668,0.0025007,0.26046,344264,"rs621634","exposure",true,{"v":4.47625718309955e-9,"d":"4.48E-09"},"inferred","l4cvKo","textfile",{"v":8.28847254825436e-5,"d":"8.29E-05"},28.5364265979563]
["C","T",-0.16314,0.0042335,0.07214,344264,"rs78279601","exposure",true,0,"inferred","l4cvKo","textfile",0.00356294814998547,1230.97355094632]
["G","A",0.20125,0.013127,0.0078129,344264,"rs41306908","exposure",true,{"v":4.74643721894138e-53,"d":"4.75E-53"},"inferred","l4cvKo","textfile",0.000627924770638895,216.306461574959]
["C","T",0.15658,0.006622,0.028497,344264,"rs76691330","exposure",true,{"v":1.31544977204453e-123,"d":"1.32E-123"},"inferred","l4cvKo","textfile",0.00135751882749386,467.977434769232]
["C","T",-0.20812,0.0083325,0.018146,344264,"rs118146215","exposure",true,{"v":1.08992555093224e-137,"d":"1.09E-137"},"inferred","l4cvKo","textfile",0.00154342471511554,532.163834089128]
["C","T",0.081916,0.0079058,0.020114,344264,"rs62208866","exposure",true,{"v":3.71069979207539e-25,"d":"3.71E-25"},"inferred","l4cvKo","textfile",0.000264509618356412,91.0847030146475]
["C","T",-0.22376,0.0051,0.048552,344264,"rs73102315","exposure",true,0,"inferred","l4cvKo","textfile",0.00462580247779324,1599.8887821025]
["G","A",-0.2193,0.011466,0.0095514,344264,"rs13044734","exposure",true,{"v":1.53074052703241e-81,"d":"1.53E-81"},"inferred","l4cvKo","textfile",0.000909926335158662,313.538356802328]
["G","A",-0.19772,0.0091485,0.015234,344264,"rs151189518","exposure",true,{"v":1.37661145536677e-103,"d":"1.38E-103"},"inferred","l4cvKo","textfile",0.00117294647989132,404.275094108889]
["T","G",0.059775,0.009627,0.014897,344264,"rs117268815","exposure",true,{"v":5.32891069109043e-10,"d":"5.33E-10"},"inferred","l4cvKo","textfile",0.000104869603179874,36.1064057943578]
["A","T",-0.039696,0.0035711,0.11383,344264,"rs78330584","exposure",true,{"v":1.04983501965282e-28,"d":"1.05E-28"},"inferred","l4cvKo","textfile",0.000317904934387931,109.477391925355]
["G","T",-0.013753,0.0021839,0.48529,344264,"rs6029394","exposure",true,{"v":3.02582857143837e-10,"d":"3.03E-10"},"inferred","l4cvKo","textfile",{"v":9.44906485549161e-5,"d":"9.45E-05"},32.5326136805784]
["C","T",-0.037892,0.0062382,0.031428,344264,"rs1800961","exposure",true,{"v":1.24616614626908e-9,"d":"1.25E-09"},"inferred","l4cvKo","textfile",{"v":8.74125334576034e-5,"d":"8.74E-05"},30.0954443122143]
["A","T",-0.033391,0.002482,0.27851,344264,"rs6127099","exposure",true,{"v":2.94578560509345e-41,"d":"2.95E-41"},"inferred","l4cvKo","textfile",0.000448084536094009,154.327630389465]
["G","A",-0.017829,0.0022814,0.36393,344264,"rs12481574","exposure",true,{"v":5.49900048392538e-15,"d":"5.50E-15"},"inferred","l4cvKo","textfile",0.000147165745840753,50.671031034704]
["T","C",-0.015268,0.0025195,0.24929,344264,"rs2257818","exposure",true,{"v":1.36178661592896e-9,"d":"1.36E-09"},"inferred","l4cvKo","textfile",{"v":8.7251189581619e-5,"d":"8.73E-05"},30.0398900438886]
["G","A",0.022098,0.0023108,0.33845,344264,"rs2823139","exposure",true,{"v":1.14478093889804e-21,"d":"1.14E-21"},"inferred","l4cvKo","textfile",0.000218671974458725,75.2969165965323]
["G","T",0.016767,0.0023686,0.3038,344264,"rs2403966","exposure",true,{"v":1.45339722565068e-12,"d":"1.45E-12"},"inferred","l4cvKo","textfile",0.000118922084438054,40.9452239241901]
["A","G",0.030563,0.0029667,0.16194,344264,"rs2834320","exposure",true,{"v":6.89976621912034e-25,"d":"6.90E-25"},"inferred","l4cvKo","textfile",0.000253542755575505,87.3072722463215]
["T","A",-0.019008,0.0029517,0.1946,344264,"rs2850087","exposure",true,{"v":1.19726576106315e-10,"d":"1.20E-10"},"inferred","l4cvKo","textfile",0.000113254978892268,38.993801785608]
["A","G",0.013891,0.0022717,0.38743,344264,"rs710177","exposure",true,{"v":9.66757759463364e-10,"d":"9.67E-10"},"inferred","l4cvKo","textfile",{"v":9.15895633849292e-5,"d":"9.16E-05"},31.533694427327]
["C","T",0.015167,0.0021907,0.55877,344264,"rs5756822","exposure",true,{"v":4.4106177311381e-12,"d":"4.41E-12"},"inferred","l4cvKo","textfile",0.000113429882835388,39.0540282185215]
["G","A",0.012516,0.0022215,0.59975,344264,"rs2899297","exposure",true,{"v":1.76045293172824e-8,"d":"1.76E-08"},"inferred","l4cvKo","textfile",{"v":7.5207768324318e-5,"d":"7.52E-05"},25.8931241029451]
["C","A",0.013693,0.0021899,0.45892,344264,"rs4820483","exposure",true,{"v":4.031662210182e-10,"d":"4.03E-10"},"inferred","l4cvKo","textfile",{"v":9.31162930098575e-5,"d":"9.31E-05"},32.0593865153881]